{"text_format":"3","workbook":"xlsx","n_sheets":2,"sheets":["PACC - SNCC.F.053","Hoja2"],"not_rendered":{"images":1,"defined_names":1},"read":"whole","date_system":"1900"}

{"sheet":"PACC - SNCC.F.053","index":0,"n_rows":364,"n_cols":23,"rows_kept":364,"merged":[[2,0,4,0],[5,0,5,14],[6,0,6,1],[8,3,8,6]]}
[]
["SNCC.F.053",{"$nulls":12},"Fecha de Revisión"]
[{"$nulls":13},"Fecha de Aprobación"]
[{"$nulls":13},"Versión"]
[{"$nulls":13},"No. de Páginas"]
["NOMBRE DE LA ENTIDAD   HOSPITAL MUNICIPAL PEPILLO SALCEDO"]
["PLAN ANUAL DE COMPRAS Y CONTRATACIONES AÑO _______2025_______"]
[]
[{"$nulls":3},"FECHA DE NECESIDAD"]
["CÓDIGO DEL CATÁLOGO DE BIENES Y SERVICIOS (CBS) ","DESCRIPCIÓN DE LA COMPRA O CONTRATACIÓN","UNIDAD DE MEDIDA","PRIMER TRIMESTRE","SEGUNDO TRIMESTRE","TERCER TRIMESTRE","CUARTO TRIMESTRE","CANTIDAD TOTAL","PRECIO UNITARIO ESTIMADO","COSTO TOTAL UNITARIO","COSTO TOTAL POR CÓDIGO DE CATÁLOGO DE BIENES Y SERVICIOS (CBS)"," PROCEDIMIENTO DE SELECCIÓN ","FUENTE DE FINANCIAMIENTO","VALOR ADQUIRIDO","OBSERVACIÓN"]
["4112 - Suministros y accesorios de laboratorio","control de hematologia ","unidad ",1,1,1,1,{"$f":"SUM(Tabla1323[[#This Row],[PRIMER TRIMESTRE]:[CUARTO TRIMESTRE]])","v":4},{"v":7205,"d":"RD$7,205.00"},{"$f":"+H11*I11","v":{"v":28820,"d":"RD$28,820.00"}},null,"COMPRA DIRECTA",{"$nulls":7},"1010 - Animales vivos ",null,null,"LICITACIÓN PÚBLICA INTERNACIONAL"]
["4112 - Suministros y accesorios de laboratorio","Miniton 20 litro ","unidad ",2,2,2,2,{"$f":"SUM(Tabla1323[[#This Row],[PRIMER TRIMESTRE]:[CUARTO TRIMESTRE]])","v":8},{"v":10106,"d":"RD$10,106.00"},{"$f":"+H12*I12","v":{"v":80848,"d":"RD$80,848.00"}},null,"COMPRA DIRECTA",{"$nulls":7},"1011 - Productos de casa para el animal doméstico",null,null,"LICITACIÓN PÚBLICA NACIONAL"]
["4112 - Suministros y accesorios de laboratorio","minilyse ABX ","unidad ",2,2,2,2,{"$f":"SUM(Tabla1323[[#This Row],[PRIMER TRIMESTRE]:[CUARTO TRIMESTRE]])","v":8},{"v":14825,"d":"RD$14,825.00"},{"v":118600,"d":"RD$118,600.00"},null,"COMPRA DIRECTA",{"$nulls":7},"1012 - Pienso para animales",null,null,"LICITACIÓN RESTRINGIDA"]
["4112 - Suministros y accesorios de laboratorio","Cleaner 1 litro ","unidad ",2,2,2,2,{"$f":"SUM(Tabla1323[[#This Row],[PRIMER TRIMESTRE]:[CUARTO TRIMESTRE]])","v":8},{"v":2426,"d":"RD$2,426.00"},{"v":19408,"d":"RD$19,408.00"},null,"COMPRA DIRECTA",{"$nulls":7},"1013 - Recipientes y hábitat para animales",null,null,"SORTEO DE OBRAS"]
["4112 - Suministros y accesorios de laboratorio","cinta para ABX ","unidad ",2,1,2,1,{"$f":"SUM(Tabla1323[[#This Row],[PRIMER TRIMESTRE]:[CUARTO TRIMESTRE]])","v":6},{"v":767,"d":"RD$767.00"},{"v":4602,"d":"RD$4,602.00"},null,"COMPRA DIRECTA",{"$nulls":7},"1014 - Artículos de talabartería y arreos",null,null,"COMPARACIÓN DE PRECIOS"]
["4112 - Suministros y accesorios de laboratorio","Papel 9 1/2 parte ","unidad ",1,null,1,null,{"$f":"SUM(Tabla1323[[#This Row],[PRIMER TRIMESTRE]:[CUARTO TRIMESTRE]])","v":2},{"v":2150,"d":"RD$2,150.00"},{"v":4300,"d":"RD$4,300.00"},null,"COMPRA DIRECTA",{"$nulls":7},"1015 - Semillas, bulbos, plántulas y esquejes",null,null,"COMPRA MENOR"]
["4112 - Suministros y accesorios de laboratorio","Fundas Rojas","Unidad",3,3,3,3,{"$f":"SUM(Tabla1323[[#This Row],[PRIMER TRIMESTRE]:[CUARTO TRIMESTRE]])","v":12},{"v":1000,"d":"RD$1,000.00"},{"v":12000,"d":"RD$12,000.00"},null,"COMPRA DIRECTA",{"$nulls":7},"1016 - Productos de floricultura y silvicultura",null,null,"COMPRA DIRECTA"]
["4112 - Suministros y accesorios de laboratorio","falcemia ","unidad ",2,1,2,1,{"$f":"SUM(Tabla1323[[#This Row],[PRIMER TRIMESTRE]:[CUARTO TRIMESTRE]])","v":6},{"v":9300,"d":"RD$9,300.00"},{"v":55800,"d":"RD$55,800.00"},null,"COMPRA DIRECTA",{"$nulls":7},"1017 - Abonos, nutrientes para plantas y herbicidas"]
["4112 - Suministros y accesorios de laboratorio","eritrocedimentacion ","unidad ",2,1,2,1,{"$f":"SUM(Tabla1323[[#This Row],[PRIMER TRIMESTRE]:[CUARTO TRIMESTRE]])","v":6},{"v":2400,"d":"RD$2,400.00"},{"v":14400,"d":"RD$14,400.00"},null,"COMPRA DIRECTA",{"$nulls":7},"1019 - Productos para el control de plagas y malas hierbas "]
["4112 - Suministros y accesorios de laboratorio","tipificacion ","unidad ",2,1,2,1,{"$f":"SUM(Tabla1323[[#This Row],[PRIMER TRIMESTRE]:[CUARTO TRIMESTRE]])","v":6},{"v":1090,"d":"RD$1,090.00"},{"v":6540,"d":"RD$6,540.00"},null,"COMPRA DIRECTA",{"$nulls":7},"1110 - Minerales, minerales metálicos y metales"]
["4112 - Suministros y accesorios de laboratorio","glicemia ","unidad ",2,1,2,1,{"$f":"SUM(Tabla1323[[#This Row],[PRIMER TRIMESTRE]:[CUARTO TRIMESTRE]])","v":6},{"v":3995,"d":"RD$3,995.00"},{"v":23970,"d":"RD$23,970.00"},null,"COMPRA DIRECTA",{"$nulls":7},"1111 - Tierra y piedra"]
["4112 - Suministros y accesorios de laboratorio","colesterol ","unidad ",2,1,2,1,{"$f":"SUM(Tabla1323[[#This Row],[PRIMER TRIMESTRE]:[CUARTO TRIMESTRE]])","v":6},{"v":3666,"d":"RD$3,666.00"},{"v":21996,"d":"RD$21,996.00"},null,"COMPRA DIRECTA",{"$nulls":7},"1112 - Productos no comestibles de planta y silvicultura"]
["4112 - Suministros y accesorios de laboratorio","HDL ","unidad ",2,1,2,1,{"$f":"SUM(Tabla1323[[#This Row],[PRIMER TRIMESTRE]:[CUARTO TRIMESTRE]])","v":6},{"v":6400,"d":"RD$6,400.00"},{"v":38400,"d":"RD$38,400.00"},null,"COMPRA DIRECTA",{"$nulls":7},"1113 - Productos animales no comestibles"]
["4112 - Suministros y accesorios de laboratorio","Trigliceridos ","unidad ",2,1,2,1,{"$f":"SUM(Tabla1323[[#This Row],[PRIMER TRIMESTRE]:[CUARTO TRIMESTRE]])","v":6},{"v":8460,"d":"RD$8,460.00"},{"v":50760,"d":"RD$50,760.00"},null,"COMPRA DIRECTA",{"$nulls":7},"1114 - Chatarra y materiales de desecho"]
["4112 - Suministros y accesorios de laboratorio","urea ","unidad ",2,1,2,1,{"$f":"SUM(Tabla1323[[#This Row],[PRIMER TRIMESTRE]:[CUARTO TRIMESTRE]])","v":6},{"v":9695,"d":"RD$9,695.00"},{"v":58170,"d":"RD$58,170.00"},null,"COMPRA DIRECTA",{"$nulls":7},"1115 - Fibra, hilos e hilados"]
["4112 - Suministros y accesorios de laboratorio","creatinina ","unidad ",2,1,2,1,{"$f":"SUM(Tabla1323[[#This Row],[PRIMER TRIMESTRE]:[CUARTO TRIMESTRE]])","v":6},{"v":2415,"d":"RD$2,415.00"},{"v":14490,"d":"RD$14,490.00"},null,"COMPRA DIRECTA",{"$nulls":7},"1116 - Tejidos y materiales de cuero"]
["4112 - Suministros y accesorios de laboratorio","acido urico ","unidad ",2,1,2,1,{"$f":"SUM(Tabla1323[[#This Row],[PRIMER TRIMESTRE]:[CUARTO TRIMESTRE]])","v":6},{"v":1600,"d":"RD$1,600.00"},{"v":9600,"d":"RD$9,600.00"},null,"COMPRA DIRECTA",{"$nulls":7},"1117 - Aleaciones"]
["4112 - Suministros y accesorios de laboratorio","TGO ","unidad ",2,1,2,1,{"$f":"SUM(Tabla1323[[#This Row],[PRIMER TRIMESTRE]:[CUARTO TRIMESTRE]])","v":6},{"v":3850,"d":"RD$3,850.00"},{"v":23100,"d":"RD$23,100.00"},null,"COMPRA DIRECTA",{"$nulls":7},"1118 - Óxido metálico"]
["4112 - Suministros y accesorios de laboratorio","TGP","unidad ",2,1,2,1,{"$f":"SUM(Tabla1323[[#This Row],[PRIMER TRIMESTRE]:[CUARTO TRIMESTRE]])","v":6},{"v":3850,"d":"RD$3,850.00"},{"v":23100,"d":"RD$23,100.00"},null,"COMPRA DIRECTA",{"$nulls":7},"1119 - Desechos metálicos y chatarra"]
["4112 - Suministros y accesorios de laboratorio","Fosfotasa alcalina ","unidad ",2,1,2,1,{"$f":"SUM(Tabla1323[[#This Row],[PRIMER TRIMESTRE]:[CUARTO TRIMESTRE]])","v":6},{"v":2732,"d":"RD$2,732.00"},{"v":16392,"d":"RD$16,392.00"},null,"COMPRA DIRECTA",{"$nulls":7},"1213 - Materiales explosivos"]
["4112 - Suministros y accesorios de laboratorio","bilirubina total ","unidad ",2,1,2,1,{"$f":"SUM(Tabla1323[[#This Row],[PRIMER TRIMESTRE]:[CUARTO TRIMESTRE]])","v":6},{"v":3980,"d":"RD$3,980.00"},{"v":23880,"d":"RD$23,880.00"},null,"COMPRA DIRECTA",{"$nulls":7},"1214 - Elementos y gases"]
["4112 - Suministros y accesorios de laboratorio","bilirubina directa ","unidad ",2,1,2,1,{"$f":"SUM(Tabla1323[[#This Row],[PRIMER TRIMESTRE]:[CUARTO TRIMESTRE]])","v":6},{"v":3980,"d":"RD$3,980.00"},{"v":23880,"d":"RD$23,880.00"},null,"COMPRA DIRECTA",{"$nulls":7},"1216 - Aditivos"]
["4112 - Suministros y accesorios de laboratorio","albumina ","unidad ",2,1,2,1,{"$f":"SUM(Tabla1323[[#This Row],[PRIMER TRIMESTRE]:[CUARTO TRIMESTRE]])","v":6},{"v":2820,"d":"RD$2,820.00"},{"v":16920,"d":"RD$16,920.00"},null,"COMPRA DIRECTA",{"$nulls":7},"1217 - Colorantes"]
["4112 - Suministros y accesorios de laboratorio","control normal ","unidad ",2,1,2,1,{"$f":"SUM(Tabla1323[[#This Row],[PRIMER TRIMESTRE]:[CUARTO TRIMESTRE]])","v":6},{"v":2680,"d":"RD$2,680.00"},{"v":16080,"d":"RD$16,080.00"},null,"COMPRA DIRECTA",{"$nulls":7},"1218 - Ceras y aceites"]
["4112 - Suministros y accesorios de laboratorio","control anormal ","unidad ",2,1,2,1,{"$f":"SUM(Tabla1323[[#This Row],[PRIMER TRIMESTRE]:[CUARTO TRIMESTRE]])","v":6},{"v":2820,"d":"RD$2,820.00"},{"v":16920,"d":"RD$16,920.00"},null,"COMPRA DIRECTA",{"$nulls":7},"1219 - Solventes"]
["4112 - Suministros y accesorios de laboratorio","clearzer ","unidad ",2,1,2,1,{"$f":"SUM(Tabla1323[[#This Row],[PRIMER TRIMESTRE]:[CUARTO TRIMESTRE]])","v":6},{"v":2500,"d":"RD$2,500.00"},{"v":15000,"d":"RD$15,000.00"},null,"COMPRA DIRECTA",{"$nulls":7},"1235 - Compuestos y mezclas"]
["4112 - Suministros y accesorios de laboratorio","copa para muestras ","unidad ",837,837,837,837,{"$f":"SUM(Tabla1323[[#This Row],[PRIMER TRIMESTRE]:[CUARTO TRIMESTRE]])","v":3348},{"v":1,"d":"RD$1.00"},{"v":3348,"d":"RD$3,348.00"},null,"COMPRA DIRECTA",{"$nulls":7},"1310 - Caucho y elastómeros"]
["4112 - Suministros y accesorios de laboratorio","tubo plastico ","unidad ",25,25,25,25,{"$f":"SUM(Tabla1323[[#This Row],[PRIMER TRIMESTRE]:[CUARTO TRIMESTRE]])","v":100},{"v":4,"d":"RD$4.00"},{"v":400,"d":"RD$400.00"},null,"COMPRA DIRECTA",{"$nulls":7},"1311 - Resinas y colofonias y otros materiales derivados de resina"]
["4112 - Suministros y accesorios de laboratorio","frascos esteril ","unidad ",75,75,50,50,{"$f":"SUM(Tabla1323[[#This Row],[PRIMER TRIMESTRE]:[CUARTO TRIMESTRE]])","v":250},{"v":10,"d":"RD$10.00"},{"v":2500,"d":"RD$2,500.00"},null,"COMPRA DIRECTA",{"$nulls":7},"1410 - Materiales de papel"]
["4112 - Suministros y accesorios de laboratorio","tirilla de orina ","unidad ",2,3,2,3,{"$f":"SUM(Tabla1323[[#This Row],[PRIMER TRIMESTRE]:[CUARTO TRIMESTRE]])","v":10},{"v":1450,"d":"RD$1,450.00"},{"v":14500,"d":"RD$14,500.00"},null,"COMPRA DIRECTA",{"$nulls":7},"1411 - Productos de papel"]
["4112 - Suministros y accesorios de laboratorio","Hepatitis B","unidad ",2,1,2,1,{"$f":"SUM(Tabla1323[[#This Row],[PRIMER TRIMESTRE]:[CUARTO TRIMESTRE]])","v":6},{"v":6700,"d":"RD$6,700.00"},{"v":40200,"d":"RD$40,200.00"},null,"COMPRA DIRECTA",{"$nulls":7},"1412 - Papel para uso industrial"]
["4112 - Suministros y accesorios de laboratorio","Hepatitis C","unidad ",2,1,2,1,{"$f":"SUM(Tabla1323[[#This Row],[PRIMER TRIMESTRE]:[CUARTO TRIMESTRE]])","v":6},{"v":4800,"d":"RD$4,800.00"},{"v":28800,"d":"RD$28,800.00"},null,"COMPRA DIRECTA",{"$nulls":7},"1510 - Combustibles"]
["4112 - Suministros y accesorios de laboratorio","Toxoplasmosis IGG/IGM","unidad ",2,1,2,1,{"$f":"SUM(Tabla1323[[#This Row],[PRIMER TRIMESTRE]:[CUARTO TRIMESTRE]])","v":6},{"v":9500,"d":"RD$9,500.00"},{"v":57000,"d":"RD$57,000.00"},null,"COMPRA DIRECTA",{"$nulls":7},"1511 - Combustibles gaseosos y aditivos"]
["4112 - Suministros y accesorios de laboratorio","Prueba de Embarazo ","unidad ",3,3,3,3,{"$f":"SUM(Tabla1323[[#This Row],[PRIMER TRIMESTRE]:[CUARTO TRIMESTRE]])","v":12},{"v":1700,"d":"RD$1,700.00"},{"v":20400,"d":"RD$20,400.00"},null,"COMPRA DIRECTA",{"$nulls":7},"1512 - Lubricantes, aceites, grasas y anticorrosivos"]
["4112 - Suministros y accesorios de laboratorio","ASO ","unidad ",2,2,1,1,{"$f":"SUM(Tabla1323[[#This Row],[PRIMER TRIMESTRE]:[CUARTO TRIMESTRE]])","v":6},{"v":1400,"d":"RD$1,400.00"},{"v":8400,"d":"RD$8,400.00"},null,"COMPRA DIRECTA",{"$nulls":7},"1513 - Combustible para reactores nucleares"]
["4112 - Suministros y accesorios de laboratorio","PCR ","unidad ",2,2,1,1,{"$f":"SUM(Tabla1323[[#This Row],[PRIMER TRIMESTRE]:[CUARTO TRIMESTRE]])","v":6},{"v":1400,"d":"RD$1,400.00"},{"v":8400,"d":"RD$8,400.00"},null,"COMPRA DIRECTA",{"$nulls":7},"2010 - Maquinaria y equipo de minería y explotación de canteras"]
["4112 - Suministros y accesorios de laboratorio","FACTOR ","unidad ",2,2,1,1,{"$f":"SUM(Tabla1323[[#This Row],[PRIMER TRIMESTRE]:[CUARTO TRIMESTRE]])","v":6},{"v":1450,"d":"RD$1,450.00"},{"v":8700,"d":"RD$8,700.00"},null,"COMPRA DIRECTA",{"$nulls":7},"2011 - Equipo de perforación y explotación de pozos"]
["4112 - Suministros y accesorios de laboratorio","Tubo morado ","unidad ",6,6,6,6,{"$f":"SUM(Tabla1323[[#This Row],[PRIMER TRIMESTRE]:[CUARTO TRIMESTRE]])","v":24},{"v":790,"d":"RD$790.00"},{"v":18960,"d":"RD$18,960.00"},null,"COMPRA DIRECTA",{"$nulls":7},"2012 - Equipo para perforación y exploración para petróleo"]
["4112 - Suministros y accesorios de laboratorio","tubo rojo","unidad ",6,6,6,6,{"$f":"SUM(Tabla1323[[#This Row],[PRIMER TRIMESTRE]:[CUARTO TRIMESTRE]])","v":24},{"v":790,"d":"RD$790.00"},{"v":18960,"d":"RD$18,960.00"},null,"COMPRA DIRECTA",{"$nulls":7},"2013 - Materiales para operaciones y perforación de petróleo y gas"]
["4112 - Suministros y accesorios de laboratorio","tip amarrillo ","unidad ",2,2,1,1,{"$f":"SUM(Tabla1323[[#This Row],[PRIMER TRIMESTRE]:[CUARTO TRIMESTRE]])","v":6},{"v":895,"d":"RD$895.00"},{"v":5370,"d":"RD$5,370.00"},null,"COMPRA DIRECTA",{"$nulls":7},"2014 - Equipo de producción y operación de gas y petróleo"]
["4112 - Suministros y accesorios de laboratorio","agua destilada ","unidad ",75,75,50,50,{"$f":"SUM(Tabla1323[[#This Row],[PRIMER TRIMESTRE]:[CUARTO TRIMESTRE]])","v":250},{"v":110,"d":"RD$110.00"},{"v":27500,"d":"RD$27,500.00"},null,"COMPRA DIRECTA",{"$nulls":7},"2110 - Maquinaria y equipo para agricultura, silvicultura y paisaje"]
["5121 - Categorías de medicamentos varios","tirilla glucometro premuer","unidad ",200,200,200,200,{"$f":"SUM(Tabla1323[[#This Row],[PRIMER TRIMESTRE]:[CUARTO TRIMESTRE]])","v":800},{"v":20,"d":"RD$20.00"},{"v":16000,"d":"RD$16,000.00"},null,"COMPRA DIRECTA"]
["5121 - Categorías de medicamentos varios","glucometro premier","unidad ",1,1,1,1,{"$f":"SUM(Tabla1323[[#This Row],[PRIMER TRIMESTRE]:[CUARTO TRIMESTRE]])","v":4},{"v":1700,"d":"RD$1,700.00"},{"v":6800,"d":"RD$6,800.00"},null,"COMPRA DIRECTA",{"$nulls":7},"2111 - Equipo de pesca y acuicultura"]
["5121 - Categorías de medicamentos varios","esfignomanometro de carro","unidad ",1,null,1,null,{"$f":"SUM(Tabla1323[[#This Row],[PRIMER TRIMESTRE]:[CUARTO TRIMESTRE]])","v":2},{"v":2336,"d":"RD$2,336.00"},{"v":4672,"d":"RD$4,672.00"},null,"COMPRA DIRECTA",{"$nulls":7},"2210 - Maquinaria y equipo pesado de construcción"]
["5121 - Categorías de medicamentos varios","bajante de suero descartable","unidad ",300,300,300,300,{"$f":"SUM(Tabla1323[[#This Row],[PRIMER TRIMESTRE]:[CUARTO TRIMESTRE]])","v":1200},{"v":15,"d":"RD$15.00"},{"v":18000,"d":"RD$18,000.00"},null,"COMPRA DIRECTA",{"$nulls":7},"2310 - Maquinaria para la transformación de materias primas"]
["5121 - Categorías de medicamentos varios","diclofenac sodico 75mg","unidad ",400,0,0,0,{"$f":"SUM(Tabla1323[[#This Row],[PRIMER TRIMESTRE]:[CUARTO TRIMESTRE]])","v":400},{"v":10,"d":"RD$10.00"},{"v":4000,"d":"RD$4,000.00"},null,"COMPRA DIRECTA",{"$nulls":7},"2311 - Maquinaria para transformación de petróleo"]
["5121 - Categorías de medicamentos varios","venda elastica 6x5","unidad ",100,100,100,100,{"$f":"SUM(Tabla1323[[#This Row],[PRIMER TRIMESTRE]:[CUARTO TRIMESTRE]])","v":400},{"v":46,"d":"RD$46.00"},{"v":18400,"d":"RD$18,400.00"},null,"COMPRA DIRECTA",{"$nulls":7},"2312 - Maquinaria y accesorios de textiles y tejidos"]
["5121 - Categorías de medicamentos varios","bromuro de ipratropio 0.5mg/2.5ml","unidad ",120,120,180,180,{"$f":"SUM(Tabla1323[[#This Row],[PRIMER TRIMESTRE]:[CUARTO TRIMESTRE]])","v":600},{"v":105,"d":"RD$105.00"},{"v":63000,"d":"RD$63,000.00"},null,"COMPRA DIRECTA",{"$nulls":7},"2313 - Maquinaria y equipos lapidarios"]
["5121 - Categorías de medicamentos varios","solucion lactato ringer 1000 cc","unidad ",250,250,250,250,{"$f":"SUM(Tabla1323[[#This Row],[PRIMER TRIMESTRE]:[CUARTO TRIMESTRE]])","v":1000},{"v":131,"d":"RD$131.00"},{"v":131000,"d":"RD$131,000.00"},null,"COMPRA DIRECTA",{"$nulls":7},"2314 - Maquinaria de reparación y accesorios para trabajar cuero"]
["5121 - Categorías de medicamentos varios","mascarillas quirurgica","unidad ",1000,1000,700,700,{"$f":"SUM(Tabla1323[[#This Row],[PRIMER TRIMESTRE]:[CUARTO TRIMESTRE]])","v":3400},{"v":2,"d":"RD$2.00"},{"v":6800,"d":"RD$6,800.00"},null,"COMPRA DIRECTA",{"$nulls":7},"2315 - Maquinaria, equipo y suministros de procesos industriales"]
["5121 - Categorías de medicamentos varios","omeprazol 40 mg vial","unidad ",150,150,150,150,{"$f":"SUM(Tabla1323[[#This Row],[PRIMER TRIMESTRE]:[CUARTO TRIMESTRE]])","v":600},{"v":128,"d":"RD$128.00"},{"v":76800,"d":"RD$76,800.00"},null,"COMPRA DIRECTA",{"$nulls":7},"2316 - Máquinas, equipo y suministros para fundición"]
["5121 - Categorías de medicamentos varios","sonda tipo foley N.18","unidad ",10,5,10,5,{"$f":"SUM(Tabla1323[[#This Row],[PRIMER TRIMESTRE]:[CUARTO TRIMESTRE]])","v":30},{"v":50,"d":"RD$50.00"},{"v":1500,"d":"RD$1,500.00"},null,"COMPRA DIRECTA",{"$nulls":7},"2317 - Maquinaria, equipo y suministros para talleres"]
["5121 - Categorías de medicamentos varios","tubo endotraqueal N.6.5 con balon","unidad ",2,1,1,1,{"$f":"SUM(Tabla1323[[#This Row],[PRIMER TRIMESTRE]:[CUARTO TRIMESTRE]])","v":5},{"v":74,"d":"RD$74.00"},{"v":370,"d":"RD$370.00"},null,"COMPRA DIRECTA",{"$nulls":7},"2318 - Equipo industrial para alimentos y bebidas"]
["5121 - Categorías de medicamentos varios","tubo endotraqueal  N.7.0 con balon","unidad ",2,1,1,1,{"$f":"SUM(Tabla1323[[#This Row],[PRIMER TRIMESTRE]:[CUARTO TRIMESTRE]])","v":5},{"v":74,"d":"RD$74.00"},{"v":370,"d":"RD$370.00"},null,"COMPRA DIRECTA",{"$nulls":7},"2319 - Mezcladores y sus partes y accesorios"]
["5121 - Categorías de medicamentos varios","tubo endotraqueal N.71/2 con balon","unidad ",2,1,1,1,{"$f":"SUM(Tabla1323[[#This Row],[PRIMER TRIMESTRE]:[CUARTO TRIMESTRE]])","v":5},{"v":74,"d":"RD$74.00"},{"v":370,"d":"RD$370.00"},null,"COMPRA DIRECTA",{"$nulls":7},"2320 - Equipamiento par transferencia de masa"]
["5121 - Categorías de medicamentos varios","tubo endotraqueal N.8.0 con balon ","unidad ",2,1,1,1,{"$f":"SUM(Tabla1323[[#This Row],[PRIMER TRIMESTRE]:[CUARTO TRIMESTRE]])","v":5},{"v":74,"d":"RD$74.00"},{"v":370,"d":"RD$370.00"},null,"COMPRA DIRECTA",{"$nulls":7},"2321 - Maquinaria de fabricación electrónica, equipo y accesorios"]
["5121 - Categorías de medicamentos varios","sutura cromico 3-0 ethicon","unidad ",19,0,0,19,{"$f":"SUM(Tabla1323[[#This Row],[PRIMER TRIMESTRE]:[CUARTO TRIMESTRE]])","v":38},{"v":245,"d":"RD$245.00"},{"v":9310,"d":"RD$9,310.00"},null,"COMPRA DIRECTA",{"$nulls":7},"2322 - Equipo y maquinaria de procesamiento de pollos"]
["5121 - Categorías de medicamentos varios","haloperidol 5 mg/1ml","unidad ",40,0,0,0,{"$f":"SUM(Tabla1323[[#This Row],[PRIMER TRIMESTRE]:[CUARTO TRIMESTRE]])","v":40},{"v":111,"d":"RD$111.00"},{"v":4440,"d":"RD$4,440.00"},null,"COMPRA DIRECTA",{"$nulls":7},"2323 - Equipo y maquinaria de procesamiento de madera y aserrado"]
["5121 - Categorías de medicamentos varios","mascarilla para nebulizar adulto","unidad ",150,150,100,100,{"$f":"SUM(Tabla1323[[#This Row],[PRIMER TRIMESTRE]:[CUARTO TRIMESTRE]])","v":500},{"v":80,"d":"RD$80.00"},{"v":40000,"d":"RD$40,000.00"},null,"COMPRA DIRECTA",{"$nulls":7},"2410 - Maquinaria y equipo para manejo de materiales"]
["5121 - Categorías de medicamentos varios","cateter periferico corto N.18","unidad ",400,400,200,200,{"$f":"SUM(Tabla1323[[#This Row],[PRIMER TRIMESTRE]:[CUARTO TRIMESTRE]])","v":1200},{"v":36,"d":"RD$36.00"},{"v":43200,"d":"RD$43,200.00"},null,"COMPRA DIRECTA",{"$nulls":7},"2411 - Recipientes y almacenamiento"]
["5121 - Categorías de medicamentos varios","acido ascorbico 500 mg/5ml","unidad ",100,100,100,100,{"$f":"SUM(Tabla1323[[#This Row],[PRIMER TRIMESTRE]:[CUARTO TRIMESTRE]])","v":400},{"v":44,"d":"RD$44.00"},{"v":17600,"d":"RD$17,600.00"},null,"COMPRA DIRECTA",{"$nulls":7},"2412 - Materiales de envasado"]
["5121 - Categorías de medicamentos varios","termometro oral","unidad ",50,50,50,50,{"$f":"SUM(Tabla1323[[#This Row],[PRIMER TRIMESTRE]:[CUARTO TRIMESTRE]])","v":200},{"v":210,"d":"RD$210.00"},{"v":42000,"d":"RD$42,000.00"},null,"COMPRA DIRECTA",{"$nulls":7},"2413 - Refrigeración industrial"]
["5121 - Categorías de medicamentos varios","complejo B vial","unidad ",200,200,200,200,{"$f":"SUM(Tabla1323[[#This Row],[PRIMER TRIMESTRE]:[CUARTO TRIMESTRE]])","v":800},{"v":55,"d":"RD$55.00"},{"v":44000,"d":"RD$44,000.00"},null,"COMPRA DIRECTA",{"$nulls":7},"2414 - Suministros de embalaje"]
["5121 - Categorías de medicamentos varios","agua oxigenada 3 % galon","unidad ",15,15,15,15,{"$f":"SUM(Tabla1323[[#This Row],[PRIMER TRIMESTRE]:[CUARTO TRIMESTRE]])","v":60},{"v":410,"d":"RD$410.00"},{"v":24600,"d":"RD$24,600.00"},null,"COMPRA DIRECTA",{"$nulls":7},"2510 - Vehículos de motor"]
["5121 - Categorías de medicamentos varios","cateter periferico corto N.20","unidad ",200,200,200,200,{"$f":"SUM(Tabla1323[[#This Row],[PRIMER TRIMESTRE]:[CUARTO TRIMESTRE]])","v":800},{"v":36,"d":"RD$36.00"},{"v":28800,"d":"RD$28,800.00"},null,"COMPRA DIRECTA",{"$nulls":7},"2511 - Transporte marítimo"]
["5121 - Categorías de medicamentos varios","cateter periferico corto N.22","unidad ",200,200,200,200,{"$f":"SUM(Tabla1323[[#This Row],[PRIMER TRIMESTRE]:[CUARTO TRIMESTRE]])","v":800},{"v":36,"d":"RD$36.00"},{"$f":"+H76*I76","v":{"v":28800,"d":"RD$28,800.00"}},null,"COMPRA DIRECTA",{"$nulls":7},"2512 - Maquinaria y equipo para ferrocarril y tranvías"]
["5121 - Categorías de medicamentos varios","cateter periferico corto N.24","unidad ",200,200,250,250,{"$f":"SUM(Tabla1323[[#This Row],[PRIMER TRIMESTRE]:[CUARTO TRIMESTRE]])","v":900},{"v":36,"d":"RD$36.00"},{"v":32400,"d":"RD$32,400.00"},null,"COMPRA DIRECTA",{"$nulls":7},"2513 - Aeronaves"]
["5121 - Categorías de medicamentos varios","paracetamol  inyectable 1g/100 ml","unidad ",200,200,200,200,{"$f":"SUM(Tabla1323[[#This Row],[PRIMER TRIMESTRE]:[CUARTO TRIMESTRE]])","v":800},{"v":294,"d":"RD$294.00"},{"v":235200,"d":"RD$235,200.00"},null,"COMPRA DIRECTA",{"$nulls":7},"2515 - Cosmonaves"]
["5121 - Categorías de medicamentos varios","clindamicina 600 mg","unidad ",50,0,0,50,{"$f":"SUM(Tabla1323[[#This Row],[PRIMER TRIMESTRE]:[CUARTO TRIMESTRE]])","v":100},{"v":103,"d":"RD$103.00"},{"v":10300,"d":"RD$10,300.00"},null,"COMPRA DIRECTA",{"$nulls":7},"2516 - Bicicletas no motorizadas"]
["5121 - Categorías de medicamentos varios","jeringa 10 ml","unidad ",3000,3000,3000,3000,{"$f":"SUM(Tabla1323[[#This Row],[PRIMER TRIMESTRE]:[CUARTO TRIMESTRE]])","v":12000},{"v":3.8,"d":"RD$3.80"},{"v":45600,"d":"RD$45,600.00"},null,"COMPRA DIRECTA",{"$nulls":7},"2517 - Componentes y sistemas de transporte"]
["5121 - Categorías de medicamentos varios","lubricante gel tubo 60 g","unidad ",5,5,5,5,{"$f":"SUM(Tabla1323[[#This Row],[PRIMER TRIMESTRE]:[CUARTO TRIMESTRE]])","v":20},{"v":150,"d":"RD$150.00"},{"v":3000,"d":"RD$3,000.00"},null,"COMPRA DIRECTA",{"$nulls":7},"2518 - Carrocerías y remolques  "]
["5121 - Categorías de medicamentos varios","papel camilla 20x50","unidad ",200,200,200,200,{"$f":"SUM(Tabla1323[[#This Row],[PRIMER TRIMESTRE]:[CUARTO TRIMESTRE]])","v":800},{"v":153,"d":"RD$153.00"},{"v":122400,"d":"RD$122,400.00"},null,"COMPRA DIRECTA",{"$nulls":7},"2519 - Equipo para servicios de transporte"]
["5121 - Categorías de medicamentos varios","piracetam 1 gr/5ml","unidad ",100,100,100,100,{"$f":"SUM(Tabla1323[[#This Row],[PRIMER TRIMESTRE]:[CUARTO TRIMESTRE]])","v":400},{"v":96,"d":"RD$96.00"},{"v":38400,"d":"RD$38,400.00"},null,"COMPRA DIRECTA",{"$nulls":7},"2520 - Sistemas aeroespaciales y componentes y equipo"]
["5121 - Categorías de medicamentos varios","rollo de algodón 1 lb","unidad ",20,20,20,20,{"$f":"SUM(Tabla1323[[#This Row],[PRIMER TRIMESTRE]:[CUARTO TRIMESTRE]])","v":80},{"v":172.5,"d":"RD$172.50"},{"v":13800,"d":"RD$13,800.00"},null,"COMPRA DIRECTA",{"$nulls":7},"2610 - Fuentes de energía"]
["5121 - Categorías de medicamentos varios","azitromicina 500 mg","unidad ",20,20,20,20,{"$f":"SUM(Tabla1323[[#This Row],[PRIMER TRIMESTRE]:[CUARTO TRIMESTRE]])","v":80},{"v":114.5,"d":"RD$114.50"},{"v":9160,"d":"RD$9,160.00"},null,"COMPRA DIRECTA",{"$nulls":7},"2611 - Transmisión de baterías, generadores y energía cinética"]
["5121 - Categorías de medicamentos varios","bisturi hoja N.22","unidad ",200,200,200,200,{"$f":"SUM(Tabla1323[[#This Row],[PRIMER TRIMESTRE]:[CUARTO TRIMESTRE]])","v":800},{"v":4.43,"d":"RD$4.43"},{"v":3544,"d":"RD$3,544.00"},null,"COMPRA DIRECTA",{"$nulls":7},"2612 - Alambres, cables o arneses"]
["5121 - Categorías de medicamentos varios","esfignomanometro adulto","unidad ",2,2,2,2,{"$f":"SUM(Tabla1323[[#This Row],[PRIMER TRIMESTRE]:[CUARTO TRIMESTRE]])","v":8},{"v":2270,"d":"RD$2,270.00"},{"v":18160,"d":"RD$18,160.00"},null,"COMPRA DIRECTA",{"$nulls":7},"2613 - Generación de energía"]
["5121 - Categorías de medicamentos varios","amikacina 500 mg","unidad ",50,0,0,50,{"$f":"SUM(Tabla1323[[#This Row],[PRIMER TRIMESTRE]:[CUARTO TRIMESTRE]])","v":100},{"v":112.3,"d":"RD$112.30"},{"v":11230,"d":"RD$11,230.00"},null,"COMPRA DIRECTA",{"$nulls":7},"2614 - Maquinaria y equipo para energía atómica o nuclear"]
["5121 - Categorías de medicamentos varios","clamp umbilical","unidad ",100,0,0,0,{"$f":"SUM(Tabla1323[[#This Row],[PRIMER TRIMESTRE]:[CUARTO TRIMESTRE]])","v":100},{"v":15.03,"d":"RD$15.03"},{"v":1503,"d":"RD$1,503.00"},null,"COMPRA DIRECTA",{"$nulls":7},"2711 - Herramientas de mano"]
["5121 - Categorías de medicamentos varios","clopidogrel 75 mg","unidad ",100,0,100,100,{"$f":"SUM(Tabla1323[[#This Row],[PRIMER TRIMESTRE]:[CUARTO TRIMESTRE]])","v":300},{"v":25.05,"d":"RD$25.05"},{"v":7515,"d":"RD$7,515.00"},null,"COMPRA DIRECTA",{"$nulls":7},"2712 - Maquinaria y equipo hidráulico"]
["5121 - Categorías de medicamentos varios","cinta autoclave","unidad ",3,3,3,3,{"$f":"SUM(Tabla1323[[#This Row],[PRIMER TRIMESTRE]:[CUARTO TRIMESTRE]])","v":12},{"v":418.5,"d":"RD$418.50"},{"v":5022,"d":"RD$5,022.00"},null,"COMPRA DIRECTA",{"$nulls":7},"2713 - Maquinaria y equipo neumático"]
["5121 - Categorías de medicamentos varios","lancetas","unidad ",100,0,100,100,{"$f":"SUM(Tabla1323[[#This Row],[PRIMER TRIMESTRE]:[CUARTO TRIMESTRE]])","v":300},{"v":1.33,"d":"RD$1.33"},{"v":399,"d":"RD$399.00"},null,"COMPRA DIRECTA",{"$nulls":7},"2714 - Herramientas especializadas de automoción"]
["5121 - Categorías de medicamentos varios","sutura nylon 3-0 3/8 / 45cm","unidad ",48,0,24,0,{"$f":"SUM(Tabla1323[[#This Row],[PRIMER TRIMESTRE]:[CUARTO TRIMESTRE]])","v":72},{"v":124,"d":"RD$124.00"},{"v":8928,"d":"RD$8,928.00"},null,"COMPRA DIRECTA",{"$nulls":7},"3010 - Materiales estructurales: formas básicas"]
["5121 - Categorías de medicamentos varios","penicilina cristalina 5,000,000 U.I","unidad ",50,0,50,0,{"$f":"SUM(Tabla1323[[#This Row],[PRIMER TRIMESTRE]:[CUARTO TRIMESTRE]])","v":100},{"v":49.68,"d":"RD$49.68"},{"$f":"+H94*I94","v":{"v":4968,"d":"RD$4,968.00"}},null,"COMPRA DIRECTA",{"$nulls":7},"3011 - Hormigón, cemento y yeso"]
["5121 - Categorías de medicamentos varios",{"$nulls":6},{"$f":"SUM(Tabla1323[[#This Row],[PRIMER TRIMESTRE]:[CUARTO TRIMESTRE]])","v":0},null,{"v":0,"d":"RD$0.00"},null,"COMPRA DIRECTA",{"$nulls":7},"3012 - Carreteras y paisaje"]
["4215 - Equipos y suministros dentales","Resina Te-Econom Plus A1 Esmalte","unidad ",5,5,5,5,{"$f":"SUM(Tabla1323[[#This Row],[PRIMER TRIMESTRE]:[CUARTO TRIMESTRE]])","v":20},{"v":844.2,"d":"RD$844.20"},{"v":16884,"d":"RD$16,884.00"},null,"COMPRA DIRECTA",{"$nulls":7},"3013 - Productos de construcción estructurales"]
["4215 - Equipos y suministros dentales","Resina Te-Econom Plus A2 Esmalte","unidad ",5,5,5,5,{"$f":"SUM(Tabla1323[[#This Row],[PRIMER TRIMESTRE]:[CUARTO TRIMESTRE]])","v":20},{"v":844.2,"d":"RD$844.20"},{"v":16884,"d":"RD$16,884.00"},null,"COMPRA DIRECTA",{"$nulls":7},"3014 - Aislamiento"]
["4215 - Equipos y suministros dentales","Resina Te- Econom Plus A3 Esmalte ","unidad ",5,5,5,5,{"$f":"SUM(Tabla1323[[#This Row],[PRIMER TRIMESTRE]:[CUARTO TRIMESTRE]])","v":20},{"v":844.2,"d":"RD$844.20"},{"v":16884,"d":"RD$16,884.00"},null,"COMPRA DIRECTA",{"$nulls":7},"3015 - Materiales para acabado de exteriores"]
["4215 - Equipos y suministros dentales","Resina Te- Econom Plus A3.5 Esmalte ","unidad ",5,5,5,5,{"$f":"SUM(Tabla1323[[#This Row],[PRIMER TRIMESTRE]:[CUARTO TRIMESTRE]])","v":20},{"v":844.2,"d":"RD$844.20"},{"v":16884,"d":"RD$16,884.00"},null,"COMPRA DIRECTA",{"$nulls":7},"3016 - Materiales de acabado de interiores"]
["4215 - Equipos y suministros dentales","Ultra-Blend, Forro Cavitario Fluoroseal","unidad ",5,5,5,5,{"$f":"SUM(Tabla1323[[#This Row],[PRIMER TRIMESTRE]:[CUARTO TRIMESTRE]])","v":20},{"v":980,"d":"RD$980.00"},{"v":19600,"d":"RD$19,600.00"},null,"COMPRA DIRECTA",{"$nulls":7},"3017 - Puertas y ventanas y vidrio"]
["4215 - Equipos y suministros dentales","Micro Aplicador  1 x 50 Ultradent","unidad ",2,2,2,2,{"$f":"SUM(Tabla1323[[#This Row],[PRIMER TRIMESTRE]:[CUARTO TRIMESTRE]])","v":8},{"v":373,"d":"RD$373.00"},{"v":2984,"d":"RD$2,984.00"},null,"COMPRA DIRECTA",{"$nulls":7},"3018 - Instalaciones de baño"]
["4215 - Equipos y suministros dentales","Baberos Desechable Azul Zogear ","unidad ",4,4,4,4,{"$f":"SUM(Tabla1323[[#This Row],[PRIMER TRIMESTRE]:[CUARTO TRIMESTRE]])","v":16},{"v":966,"d":"RD$966.00"},{"v":15456,"d":"RD$15,456.00"},null,"COMPRA DIRECTA",{"$nulls":7},"3019 - Equipo de apoyo para Construcción y Mantenimiento"]
["4215 - Equipos y suministros dentales","Anestesia Lidocaina 2% E-100 New Stetic","unidad ",5,5,5,5,{"$f":"SUM(Tabla1323[[#This Row],[PRIMER TRIMESTRE]:[CUARTO TRIMESTRE]])","v":20},{"v":840,"d":"RD$840.00"},{"v":16800,"d":"RD$16,800.00"},null,"COMPRA DIRECTA",{"$nulls":7},"3020 - Estructuras prefabricadas"]
["4215 - Equipos y suministros dentales","Anestesia Topica EN GEL CHERRY 32G (1.12)","unidad ",1,1,1,1,{"$f":"SUM(Tabla1323[[#This Row],[PRIMER TRIMESTRE]:[CUARTO TRIMESTRE]])","v":4},{"v":276.25,"d":"RD$276.25"},{"v":1105,"d":"RD$1,105.00"},null,"COMPRA DIRECTA",{"$nulls":7},"3022 - Estructuras Permanentes"]
["4215 - Equipos y suministros dentales","Agujas Largas 276x32mm adel products","unidad ",3,3,3,3,{"$f":"SUM(Tabla1323[[#This Row],[PRIMER TRIMESTRE]:[CUARTO TRIMESTRE]])","v":12},{"v":353,"d":"RD$353.00"},{"v":4236,"d":"RD$4,236.00"},null,"COMPRA DIRECTA",{"$nulls":7},"3110 - Piezas de fundición"]
["4215 - Equipos y suministros dentales","Desinfectante En Spray Igenix ","unidad ",5,5,5,5,{"$f":"SUM(Tabla1323[[#This Row],[PRIMER TRIMESTRE]:[CUARTO TRIMESTRE]])","v":20},{"v":396,"d":"RD$396.00"},{"v":7920,"d":"RD$7,920.00"},null,"COMPRA DIRECTA",{"$nulls":7},"3111 - Extrusiones"]
["4215 - Equipos y suministros dentales","Eugenol 15ML Presvet ","unidad ",2,2,2,2,{"$f":"SUM(Tabla1323[[#This Row],[PRIMER TRIMESTRE]:[CUARTO TRIMESTRE]])","v":8},{"v":250.75,"d":"RD$250.75"},{"v":2006,"d":"RD$2,006.00"},null,"COMPRA DIRECTA",{"$nulls":7},"3112 - Piezas fundidas mecanizadas"]
["4215 - Equipos y suministros dentales","Eyector de saliva 1x100 Zogear ","unidad ",7,7,7,7,{"$f":"SUM(Tabla1323[[#This Row],[PRIMER TRIMESTRE]:[CUARTO TRIMESTRE]])","v":28},{"v":169.5,"d":"RD$169.50"},{"v":4746,"d":"RD$4,746.00"},null,"COMPRA DIRECTA",{"$nulls":7},"3113 - Forjaduras"]
["4215 - Equipos y suministros dentales","Hamiger Germicida Concentrado 16oz","unidad ",1,1,1,1,{"$f":"SUM(Tabla1323[[#This Row],[PRIMER TRIMESTRE]:[CUARTO TRIMESTRE]])","v":4},{"v":410,"d":"RD$410.00"},{"v":1640,"d":"RD$1,640.00"},null,"COMPRA DIRECTA",{"$nulls":7},"3114 - Molduras"]
["4215 - Equipos y suministros dentales","Papel Articular 200 Micras 50 HJ BAUSCH","unidad ",2,2,2,2,{"$f":"SUM(Tabla1323[[#This Row],[PRIMER TRIMESTRE]:[CUARTO TRIMESTRE]])","v":8},{"v":441,"d":"RD$441.00"},{"v":3528,"d":"RD$3,528.00"},null,"COMPRA DIRECTA",{"$nulls":7},"3115 - Cuerda y cadena y cable y alambre y correa"]
["4215 - Equipos y suministros dentales","Gaza 2×2 1×200","unidad ",2,2,2,2,{"$f":"SUM(Tabla1323[[#This Row],[PRIMER TRIMESTRE]:[CUARTO TRIMESTRE]])","v":8},{"v":70,"d":"RD$70.00"},{"v":560,"d":"RD$560.00"},null,"COMPRA DIRECTA",{"$nulls":7},"3116 - Ferretería"]
["4215 - Equipos y suministros dentales","Odontocaina 3%","unidad ",1,1,1,1,{"$f":"SUM(Tabla1323[[#This Row],[PRIMER TRIMESTRE]:[CUARTO TRIMESTRE]])","v":4},{"v":1225,"d":"RD$1,225.00"},{"v":4900,"d":"RD$4,900.00"},null,"COMPRA DIRECTA",{"$nulls":7},"3117 - Cojinetes, casquillos, ruedas y engranajes"]
["4215 - Equipos y suministros dentales","Brocha Profilaxix Blanca 1 x 100","unidad ",1,1,1,1,{"$f":"SUM(Tabla1323[[#This Row],[PRIMER TRIMESTRE]:[CUARTO TRIMESTRE]])","v":4},{"v":700,"d":"RD$700.00"},{"v":2800,"d":"RD$2,800.00"},null,"COMPRA DIRECTA",{"$nulls":7},"3118 - Juntas obturadoras y sellos"]
["4215 - Equipos y suministros dentales","Pasta Profilactica menta 340 G","unidad ",1,1,1,1,{"$f":"SUM(Tabla1323[[#This Row],[PRIMER TRIMESTRE]:[CUARTO TRIMESTRE]])","v":4},{"v":560,"d":"RD$560.00"},{"v":2240,"d":"RD$2,240.00"},null,"COMPRA DIRECTA",{"$nulls":7},"3119 - Materiales de molduración, pulido y alisado"]
["4215 - Equipos y suministros dentales","grabado Acido Gel Azul 37% 12g Dharma","unidad ",1,1,1,1,{"$f":"SUM(Tabla1323[[#This Row],[PRIMER TRIMESTRE]:[CUARTO TRIMESTRE]])","v":4},{"v":212,"d":"RD$212.00"},{"v":848,"d":"RD$848.00"},null,"COMPRA DIRECTA",{"$nulls":7},"3120 - Adhesivos y selladores"]
["4215 - Equipos y suministros dentales","Banda MatrizRite Dent","unidad ",{"$nulls":3},1,{"$f":"SUM(Tabla1323[[#This Row],[PRIMER TRIMESTRE]:[CUARTO TRIMESTRE]])","v":1},{"v":325,"d":"RD$325.00"},{"v":325,"d":"RD$325.00"},null,"COMPRA DIRECTA",{"$nulls":7},"3121 - Pinturas y tapa poros y acabados"]
["4215 - Equipos y suministros dentales","Adhesivo Tetric N Bon Universal 6G ivoclar","unidad ",1,1,1,1,{"$f":"SUM(Tabla1323[[#This Row],[PRIMER TRIMESTRE]:[CUARTO TRIMESTRE]])","v":4},{"v":3990,"d":"RD$3,990.00"},{"v":15960,"d":"RD$15,960.00"},null,"COMPRA DIRECTA",{"$nulls":7},"3123 - Materia prima en placas o barras labradas"]
["5013 - Productos lácteos y huevos","LECHE LISTAMILK","UNIDAD",45,45,45,45,{"$f":"SUM(Tabla1323[[#This Row],[PRIMER TRIMESTRE]:[CUARTO TRIMESTRE]])","v":180},{"v":90,"d":"RD$90.00"},{"v":16200,"d":"RD$16,200.00"},null,"COMPRA DIRECTA",{"$nulls":7},"3124 - Óptica industrial"]
["5013 - Productos lácteos y huevos","LECHE CANATION ","UNIDAD",60,60,60,60,{"$f":"SUM(Tabla1323[[#This Row],[PRIMER TRIMESTRE]:[CUARTO TRIMESTRE]])","v":240},{"v":75,"d":"RD$75.00"},{"v":18000,"d":"RD$18,000.00"},null,"COMPRA DIRECTA",{"$nulls":7},"3125 - Sistemas de control neumático, hidráulico o eléctrico"]
["5013 - Productos lácteos y huevos","HUEVOS","CARTON",18,18,18,18,{"$f":"SUM(Tabla1323[[#This Row],[PRIMER TRIMESTRE]:[CUARTO TRIMESTRE]])","v":72},{"v":230,"d":"RD$230.00"},{"v":16560,"d":"RD$16,560.00"},null,"COMPRA DIRECTA",{"$nulls":7},"3126 - Cubiertas, cajas y envolturas"]
["5013 - Productos lácteos y huevos","QUESO GEO","UNIDAD",24,24,24,24,{"$f":"SUM(Tabla1323[[#This Row],[PRIMER TRIMESTRE]:[CUARTO TRIMESTRE]])","v":96},{"v":260,"d":"RD$260.00"},{"v":24960,"d":"RD$24,960.00"},null,"COMPRA DIRECTA",{"$nulls":7},"3127 - Piezas hechas a máquina"]
["5013 - Productos lácteos y huevos","QUESO  CHEDAR ","LIBRA",15,15,15,15,{"$f":"SUM(Tabla1323[[#This Row],[PRIMER TRIMESTRE]:[CUARTO TRIMESTRE]])","v":60},{"v":240,"d":"RD$240.00"},{"v":14400,"d":"RD$14,400.00"},null,"COMPRA DIRECTA",{"$nulls":7},"3128 - Componentes de placa y estampados"]
["5013 - Productos lácteos y huevos","LECHE DESCREMADA ","UNIDAD",30,30,30,30,{"$f":"SUM(Tabla1323[[#This Row],[PRIMER TRIMESTRE]:[CUARTO TRIMESTRE]])","v":120},{"v":89,"d":"RD$89.00"},{"v":10680,"d":"RD$10,680.00"},null,"COMPRA DIRECTA",{"$nulls":7},"3129 - Estiramientos por presión labrados"]
["5022 - Productos de Cereales y Legumbres","ARROZ","LIBRA",150,150,150,150,{"$f":"SUM(Tabla1323[[#This Row],[PRIMER TRIMESTRE]:[CUARTO TRIMESTRE]])","v":600},{"v":45,"d":"RD$45.00"},{"v":27000,"d":"RD$27,000.00"},null,"COMPRA DIRECTA",{"$nulls":7},"3130 - Forjas labradas"]
["5019 - Alimentos preparados y conservados","GUANDULES ","UNIDAD",45,45,45,45,{"$f":"SUM(Tabla1323[[#This Row],[PRIMER TRIMESTRE]:[CUARTO TRIMESTRE]])","v":180},{"v":110,"d":"RD$110.00"},{"v":19800,"d":"RD$19,800.00"},null,"COMPRA DIRECTA",{"$nulls":7},"3131 - Conjuntos de tubería fabricada"]
["5019 - Alimentos preparados y conservados","HABICHUELA","UNIDAD",45,45,45,45,{"$f":"SUM(Tabla1323[[#This Row],[PRIMER TRIMESTRE]:[CUARTO TRIMESTRE]])","v":180},{"v":105,"d":"RD$105.00"},{"v":18900,"d":"RD$18,900.00"},null,"COMPRA DIRECTA",{"$nulls":7},"3132 - Conjuntos fabricados de material en barras"]
["5017 - Condimentos y conservantes"," SOPITAS","CAJA",9,9,9,9,{"$f":"SUM(Tabla1323[[#This Row],[PRIMER TRIMESTRE]:[CUARTO TRIMESTRE]])","v":36},{"v":485,"d":"RD$485.00"},{"v":17460,"d":"RD$17,460.00"},null,"COMPRA DIRECTA",{"$nulls":7},"3133 - Conjuntos estructurales fabricados"]
["5016 - Chocolates, azúcares, edulcorantes y productos de confitería","AZUCAR BLANCA","LIBRA",90,90,90,90,{"$f":"SUM(Tabla1323[[#This Row],[PRIMER TRIMESTRE]:[CUARTO TRIMESTRE]])","v":360},{"v":45,"d":"RD$45.00"},{"v":16200,"d":"RD$16,200.00"},null,"COMPRA DIRECTA",{"$nulls":7},"3134 - Conjuntos de placa fabricado"]
["5016 - Chocolates, azúcares, edulcorantes y productos de confitería","AZUCAR CREMA","LIBRA",120,120,120,120,{"$f":"SUM(Tabla1323[[#This Row],[PRIMER TRIMESTRE]:[CUARTO TRIMESTRE]])","v":480},{"v":40,"d":"RD$40.00"},{"v":19200,"d":"RD$19,200.00"},null,"COMPRA DIRECTA",{"$nulls":7},"3135 - Conjuntos de tubería fabricada"]
["5022 - Productos de Cereales y Legumbres","HABICHUELA GIRA","LIBRA",30,30,30,30,{"$f":"SUM(Tabla1323[[#This Row],[PRIMER TRIMESTRE]:[CUARTO TRIMESTRE]])","v":120},{"v":65,"d":"RD$65.00"},{"v":7800,"d":"RD$7,800.00"},null,"COMPRA DIRECTA",{"$nulls":7},"3136 - Conjuntos de placa fabricados"]
["5016 - Chocolates, azúcares, edulcorantes y productos de confitería","COCOA","PAQUETE",12,12,12,12,{"$f":"SUM(Tabla1323[[#This Row],[PRIMER TRIMESTRE]:[CUARTO TRIMESTRE]])","v":48},{"v":535,"d":"RD$535.00"},{"v":25680,"d":"RD$25,680.00"},null,"COMPRA DIRECTA",{"$nulls":7},"3137 - Refractarios"]
["5010 - Frutas, verduras y frutos secos","CEBOLLA","LIBRA",75,75,75,75,{"$f":"SUM(Tabla1323[[#This Row],[PRIMER TRIMESTRE]:[CUARTO TRIMESTRE]])","v":300},{"v":75,"d":"RD$75.00"},{"v":22500,"d":"RD$22,500.00"},null,"COMPRA DIRECTA",{"$nulls":7},"3138 - Imanes y materiales magnéticos"]
["5010 - Frutas, verduras y frutos secos","AJO","LIBRA",30,30,30,30,{"$f":"SUM(Tabla1323[[#This Row],[PRIMER TRIMESTRE]:[CUARTO TRIMESTRE]])","v":120},{"v":150,"d":"RD$150.00"},{"v":18000,"d":"RD$18,000.00"},null,"COMPRA DIRECTA",{"$nulls":7},"3211 - Dispositivo semiconductor discreto"]
["5010 - Frutas, verduras y frutos secos","AJI","LIBRA",30,30,30,30,{"$f":"SUM(Tabla1323[[#This Row],[PRIMER TRIMESTRE]:[CUARTO TRIMESTRE]])","v":120},{"v":60,"d":"RD$60.00"},{"v":7200,"d":"RD$7,200.00"},null,"COMPRA DIRECTA",{"$nulls":7},"3212 - Componentes pasivos discretos"]
["5010 - Frutas, verduras y frutos secos","RECAITO","LIBRA",30,30,30,30,{"$f":"SUM(Tabla1323[[#This Row],[PRIMER TRIMESTRE]:[CUARTO TRIMESTRE]])","v":120},{"v":60,"d":"RD$60.00"},{"v":7200,"d":"RD$7,200.00"},null,"COMPRA DIRECTA",{"$nulls":7},"3213 - Piezas de componentes y hardware electrónicos y accesorios"]
["5010 - Frutas, verduras y frutos secos","APIO","LIBRA",30,30,30,30,{"$f":"SUM(Tabla1323[[#This Row],[PRIMER TRIMESTRE]:[CUARTO TRIMESTRE]])","v":120},{"v":50,"d":"RD$50.00"},{"v":6000,"d":"RD$6,000.00"},null,"COMPRA DIRECTA",{"$nulls":7},"3214 - Dispositivos de tubo electrónico y accesorios"]
["5010 - Frutas, verduras y frutos secos","ZANAHORIA","LIBRA",45,45,45,45,{"$f":"SUM(Tabla1323[[#This Row],[PRIMER TRIMESTRE]:[CUARTO TRIMESTRE]])","v":180},{"v":55,"d":"RD$55.00"},{"v":9900,"d":"RD$9,900.00"},null,"COMPRA DIRECTA",{"$nulls":7},"3910 - Lámparas y bombillas y componentes para lámparas"]
["5010 - Frutas, verduras y frutos secos","PAPAS","LIBRA",90,90,90,90,{"$f":"SUM(Tabla1323[[#This Row],[PRIMER TRIMESTRE]:[CUARTO TRIMESTRE]])","v":360},{"v":50,"d":"RD$50.00"},{"v":18000,"d":"RD$18,000.00"},null,"COMPRA DIRECTA",{"$nulls":7},"3911 - Iluminación, artefactos y accesorios"]
["5010 - Frutas, verduras y frutos secos","TOMATE BARCELO","LIBRA",30,30,30,30,{"$f":"SUM(Tabla1323[[#This Row],[PRIMER TRIMESTRE]:[CUARTO TRIMESTRE]])","v":120},{"v":60,"d":"RD$60.00"},{"v":7200,"d":"RD$7,200.00"},null,"COMPRA DIRECTA",{"$nulls":7},"3912 - Equipos, suministros y componentes eléctricos"]
["5011 - Productos de carne y aves de corral","POLLO","LIBRA",120,120,120,120,{"$f":"SUM(Tabla1323[[#This Row],[PRIMER TRIMESTRE]:[CUARTO TRIMESTRE]])","v":480},{"v":95,"d":"RD$95.00"},{"$f":"+H140*I140","v":{"v":45600,"d":"RD$45,600.00"}},null,"COMPRA DIRECTA",{"$nulls":7},"4010 - Calefacción, ventilación y circulación del aire"]
["5019 - Alimentos preparados y conservados","SALAMI","UNIDAD",6,6,6,6,{"$f":"SUM(Tabla1323[[#This Row],[PRIMER TRIMESTRE]:[CUARTO TRIMESTRE]])","v":24},{"v":410,"d":"RD$410.00"},{"v":9840,"d":"RD$9,840.00"},null,"COMPRA DIRECTA",{"$nulls":7},"4014 - Distribución de fluidos y gas"]
["5019 - Alimentos preparados y conservados","JAMON ","UND",7,7,7,7,{"$f":"SUM(Tabla1323[[#This Row],[PRIMER TRIMESTRE]:[CUARTO TRIMESTRE]])","v":28},{"v":942.5,"d":"RD$942.50"},{"v":26390,"d":"RD$26,390.00"},null,"COMPRA DIRECTA",{"$nulls":7},"4015 - Bombas y compresores industriales"]
["5011 - Productos de carne y aves de corral","CERDO","LIBRA",60,60,60,60,{"$f":"SUM(Tabla1323[[#This Row],[PRIMER TRIMESTRE]:[CUARTO TRIMESTRE]])","v":240},{"v":125,"d":"RD$125.00"},{"v":30000,"d":"RD$30,000.00"},null,"COMPRA DIRECTA",{"$nulls":7},"4016 - Filtrado y purificación industrial"]
["5011 - Productos de carne y aves de corral","MASA DE RES","LIBRA",60,60,60,60,{"$f":"SUM(Tabla1323[[#This Row],[PRIMER TRIMESTRE]:[CUARTO TRIMESTRE]])","v":240},{"v":225,"d":"RD$225.00"},{"v":54000,"d":"RD$54,000.00"},null,"COMPRA DIRECTA",{"$nulls":7},"4110 - Equipo de laboratorio y científico"]
["5019 - Alimentos preparados y conservados","CHULETA","LIBRA",30,30,30,30,{"$f":"SUM(Tabla1323[[#This Row],[PRIMER TRIMESTRE]:[CUARTO TRIMESTRE]])","v":120},{"v":135,"d":"RD$135.00"},{"v":16200,"d":"RD$16,200.00"},null,"COMPRA DIRECTA",{"$nulls":7},"4111 - Instrumentos de medida, observación y ensayo"]
["5019 - Alimentos preparados y conservados","BACALAO","LIBRA",18,18,18,18,{"$f":"SUM(Tabla1323[[#This Row],[PRIMER TRIMESTRE]:[CUARTO TRIMESTRE]])","v":72},{"v":150,"d":"RD$150.00"},{"v":10800,"d":"RD$10,800.00"},null,"COMPRA DIRECTA",{"$nulls":7},"4112 - Suministros y accesorios de laboratorio"]
["5010 - Frutas, verduras y frutos secos","PLATANOS","UNIDAD",300,300,300,300,{"$f":"SUM(Tabla1323[[#This Row],[PRIMER TRIMESTRE]:[CUARTO TRIMESTRE]])","v":1200},{"v":20,"d":"RD$20.00"},{"v":24000,"d":"RD$24,000.00"},null,"COMPRA DIRECTA",{"$nulls":7},"4212 - Equipos y suministros veterinarios"]
["5010 - Frutas, verduras y frutos secos","GUINEOS","UNIDAD",450,450,450,450,{"$f":"SUM(Tabla1323[[#This Row],[PRIMER TRIMESTRE]:[CUARTO TRIMESTRE]])","v":1800},{"v":5,"d":"RD$5.00"},{"v":9000,"d":"RD$9,000.00"},null,"COMPRA DIRECTA",{"$nulls":7},"4213 - Telas y vestidos médicos"]
["5013 - Productos lácteos y huevos","MANTEQUILLA","TARRO",6,6,6,6,{"$f":"SUM(Tabla1323[[#This Row],[PRIMER TRIMESTRE]:[CUARTO TRIMESTRE]])","v":24},{"v":360,"d":"RD$360.00"},{"v":8640,"d":"RD$8,640.00"},null,"COMPRA DIRECTA",{"$nulls":7},"4214 - Suministros y productos de tratamiento y cuidado del enfermo"]
["5019 - Alimentos preparados y conservados","ESPAGUETIS","PAQUETE",30,30,30,30,{"$f":"SUM(Tabla1323[[#This Row],[PRIMER TRIMESTRE]:[CUARTO TRIMESTRE]])","v":120},{"v":40,"d":"RD$40.00"},{"v":4800,"d":"RD$4,800.00"},null,"COMPRA DIRECTA",{"$nulls":7},"4215 - Equipos y suministros dentales"]
["5020 - Bebidas","JUGOS","CAJA",15,15,15,15,{"$f":"SUM(Tabla1323[[#This Row],[PRIMER TRIMESTRE]:[CUARTO TRIMESTRE]])","v":60},{"v":520,"d":"RD$520.00"},{"v":31200,"d":"RD$31,200.00"},null,"COMPRA DIRECTA",{"$nulls":7},"4216 - Equipo de diálisis y suministros"]
["5020 - Bebidas","Gaseosas ","Unidad",7,7,7,7,{"$f":"SUM(Tabla1323[[#This Row],[PRIMER TRIMESTRE]:[CUARTO TRIMESTRE]])","v":28},{"v":120,"d":"RD$120.00"},{"v":3360,"d":"RD$3,360.00"},null,"COMPRA DIRECTA",{"$nulls":7},"4217 - Productos para los servicios médicos de urgencias y campo"]
["5022 - Productos de Cereales y Legumbres","AVENA","PAQUETE",30,30,30,30,{"$f":"SUM(Tabla1323[[#This Row],[PRIMER TRIMESTRE]:[CUARTO TRIMESTRE]])","v":120},{"v":95,"d":"RD$95.00"},{"v":11400,"d":"RD$11,400.00"},null,"COMPRA DIRECTA",{"$nulls":7},"4218 - Productos de examen y control del paciente"]
["5018 - Productos de panadería","GALLETAS","PAQUETE",12,12,12,12,{"$f":"SUM(Tabla1323[[#This Row],[PRIMER TRIMESTRE]:[CUARTO TRIMESTRE]])","v":48},{"v":165,"d":"RD$165.00"},{"v":7920,"d":"RD$7,920.00"},null,"COMPRA DIRECTA",{"$nulls":7},"4219 - Productos de facilidad médica"]
["5018 - Productos de panadería","GALLETITAS","PAQUETE",12,12,12,12,{"$f":"SUM(Tabla1323[[#This Row],[PRIMER TRIMESTRE]:[CUARTO TRIMESTRE]])","v":48},{"v":85,"d":"RD$85.00"},{"v":4080,"d":"RD$4,080.00"},null,"COMPRA DIRECTA",{"$nulls":7},"4220 - Productos de hacer imágenes diagnósticas médicas y de medicina nuclear"]
["5017 - Condimentos y conservantes","PIMIENTA","GALON",3,3,3,3,{"$f":"SUM(Tabla1323[[#This Row],[PRIMER TRIMESTRE]:[CUARTO TRIMESTRE]])","v":12},{"v":330,"d":"RD$330.00"},{"v":3960,"d":"RD$3,960.00"},null,"COMPRA DIRECTA",{"$nulls":7},"4221 - Ayuda para personas con desafíos físicos para vivir independiente"]
["5017 - Condimentos y conservantes","OREGANO","GALON",3,3,3,3,{"$f":"SUM(Tabla1323[[#This Row],[PRIMER TRIMESTRE]:[CUARTO TRIMESTRE]])","v":12},{"v":330,"d":"RD$330.00"},{"v":3960,"d":"RD$3,960.00"},null,"COMPRA DIRECTA",{"$nulls":7},"4222 - Productos para administración intravenosa y arterial"]
["5017 - Condimentos y conservantes","VAINILLA","GALON",3,3,3,3,{"$f":"SUM(Tabla1323[[#This Row],[PRIMER TRIMESTRE]:[CUARTO TRIMESTRE]])","v":12},{"v":185,"d":"RD$185.00"},{"v":2220,"d":"RD$2,220.00"},null,"COMPRA DIRECTA",{"$nulls":7},"4223 - Nutrición clínica"]
["5017 - Condimentos y conservantes","SALSA ROJA","KILO",15,15,15,15,{"$f":"SUM(Tabla1323[[#This Row],[PRIMER TRIMESTRE]:[CUARTO TRIMESTRE]])","v":60},{"v":165,"d":"RD$165.00"},{"v":9900,"d":"RD$9,900.00"},null,"COMPRA DIRECTA",{"$nulls":7},"4224 - Productos medicinales de deportes y prostético y ortopédico"]
["5017 - Condimentos y conservantes","SALSA CHINA","GALON",6,6,6,6,{"$f":"SUM(Tabla1323[[#This Row],[PRIMER TRIMESTRE]:[CUARTO TRIMESTRE]])","v":24},{"v":310,"d":"RD$310.00"},{"v":7440,"d":"RD$7,440.00"},null,"COMPRA DIRECTA",{"$nulls":7},"4225 - Productos de rehabilitación y terapia ocupacional y física"]
["5017 - Condimentos y conservantes","VINAGRE","GALON",6,6,6,6,{"$f":"SUM(Tabla1323[[#This Row],[PRIMER TRIMESTRE]:[CUARTO TRIMESTRE]])","v":24},{"v":150,"d":"RD$150.00"},{"v":3600,"d":"RD$3,600.00"},null,"COMPRA DIRECTA",{"$nulls":7},"4226 - Equipo y suministros post mortem y funerarios"]
["5020 - Bebidas","CAFÉ","LIBRA",45,45,45,45,{"$f":"SUM(Tabla1323[[#This Row],[PRIMER TRIMESTRE]:[CUARTO TRIMESTRE]])","v":180},{"v":295,"d":"RD$295.00"},{"v":53100,"d":"RD$53,100.00"},null,"COMPRA DIRECTA",{"$nulls":7},"4227 - Productos de resucitación y anestesia y respiratorio"]
["5020 - Bebidas","Botellones de agua","Unidad",80,80,80,80,{"$f":"SUM(Tabla1323[[#This Row],[PRIMER TRIMESTRE]:[CUARTO TRIMESTRE]])","v":320},{"v":50,"d":"RD$50.00"},{"v":16000,"d":"RD$16,000.00"},null,"COMPRA DIRECTA",{"$nulls":7},"4228 - Productos para la esterilización médica"]
["5019 - Alimentos preparados y conservados","ATUN","UNIDAD",30,30,30,30,{"$f":"SUM(Tabla1323[[#This Row],[PRIMER TRIMESTRE]:[CUARTO TRIMESTRE]])","v":120},{"v":70,"d":"RD$70.00"},{"v":8400,"d":"RD$8,400.00"},null,"COMPRA DIRECTA",{"$nulls":7},"4231 - Productos para el cuidado de heridas"]
["5017 - Condimentos y conservantes","ACEITUNAS Y ACAPARA","UNIDAD",6,6,6,6,{"$f":"SUM(Tabla1323[[#This Row],[PRIMER TRIMESTRE]:[CUARTO TRIMESTRE]])","v":24},{"v":70,"d":"RD$70.00"},{"v":1680,"d":"RD$1,680.00"},null,"COMPRA DIRECTA",{"$nulls":7},"4319 - Dispositivos de comunicaciones y accesorios"]
["5015 - Aceites y grasas comestibles","ACEITE","GALON ",3,3,3,3,{"$f":"SUM(Tabla1323[[#This Row],[PRIMER TRIMESTRE]:[CUARTO TRIMESTRE]])","v":12},{"v":1065,"d":"RD$1,065.00"},{"v":12780,"d":"RD$12,780.00"},null,"COMPRA DIRECTA",{"$nulls":7},"4320 - Componentes para tecnología de la información, difusión o telecomunicaciones"]
["5020 - Bebidas","JUGO TANG","CAJA",3,3,3,3,{"$f":"SUM(Tabla1323[[#This Row],[PRIMER TRIMESTRE]:[CUARTO TRIMESTRE]])","v":12},{"v":400,"d":"RD$400.00"},{"v":4800,"d":"RD$4,800.00"},null,"COMPRA DIRECTA",{"$nulls":7},"4321 - Equipo informático y accesorios"]
["5017 - Condimentos y conservantes","NUEZ MOSCADA","LIBRA",3,3,3,3,{"$f":"SUM(Tabla1323[[#This Row],[PRIMER TRIMESTRE]:[CUARTO TRIMESTRE]])","v":12},{"v":219,"d":"RD$219.00"},{"v":2628,"d":"RD$2,628.00"},null,"COMPRA DIRECTA",{"$nulls":7},"4322 - Datos-voz, equipo de red multimedia, plataformas y accesorios"]
["5017 - Condimentos y conservantes","CLAVO DULCE","LIBRA",3,3,3,3,{"$f":"SUM(Tabla1323[[#This Row],[PRIMER TRIMESTRE]:[CUARTO TRIMESTRE]])","v":12},{"v":239,"d":"RD$239.00"},{"v":2868,"d":"RD$2,868.00"},null,"COMPRA DIRECTA",{"$nulls":7},"4323 - Software"]
["5017 - Condimentos y conservantes","CANELA","LIBRA",3,3,3,3,{"$f":"SUM(Tabla1323[[#This Row],[PRIMER TRIMESTRE]:[CUARTO TRIMESTRE]])","v":12},{"v":200,"d":"RD$200.00"},{"v":2400,"d":"RD$2,400.00"},null,"COMPRA DIRECTA",{"$nulls":7},"4410 - Maquinaria, suministros y accesorios de oficina"]
["5019 - Alimentos preparados y conservados","SOPA","CAJA",12,12,12,12,{"$f":"SUM(Tabla1323[[#This Row],[PRIMER TRIMESTRE]:[CUARTO TRIMESTRE]])","v":48},{"v":468,"d":"RD$468.00"},{"v":22464,"d":"RD$22,464.00"},null,"COMPRA DIRECTA",{"$nulls":7},"4411 - Accesorios de oficina y escritorio"]
["5018 - Productos de panadería","Funda de pan","Unidad",7,7,7,7,{"$f":"SUM(Tabla1323[[#This Row],[PRIMER TRIMESTRE]:[CUARTO TRIMESTRE]])","v":28},{"v":250,"d":"RD$250.00"},{"v":7000,"d":"RD$7,000.00"},null,"COMPRA DIRECTA",{"$nulls":7},"4412 - Suministros de oficina"]
["5017 - Condimentos y conservantes","SAZON COMPLETO","GALON",6,6,6,6,{"$f":"SUM(Tabla1323[[#This Row],[PRIMER TRIMESTRE]:[CUARTO TRIMESTRE]])","v":24},{"v":320,"d":"RD$320.00"},{"v":7680,"d":"RD$7,680.00"},null,"COMPRA DIRECTA",{"$nulls":7},"4510 - Equipo de imprenta y publicación"]
["5017 - Condimentos y conservantes","SAZON LIQUIDO","GALON",6,6,6,6,{"$f":"SUM(Tabla1323[[#This Row],[PRIMER TRIMESTRE]:[CUARTO TRIMESTRE]])","v":24},{"v":320,"d":"RD$320.00"},{"v":7680,"d":"RD$7,680.00"},null,"COMPRA DIRECTA",{"$nulls":7},"4511 - Equipos de audio y video para presentación y composición"]
["5017 - Condimentos y conservantes","SAZON CON AZAFRAN","GALON",6,6,6,6,{"$f":"SUM(Tabla1323[[#This Row],[PRIMER TRIMESTRE]:[CUARTO TRIMESTRE]])","v":24},{"v":90,"d":"RD$90.00"},{"v":2160,"d":"RD$2,160.00"},null,"COMPRA DIRECTA",{"$nulls":7},"4512 - Equipo de vídeo, filmación o fotografía"]
["5019 - Alimentos preparados y conservados","FIDEOS GRUESOS","PAQUETE",18,18,18,18,{"$f":"SUM(Tabla1323[[#This Row],[PRIMER TRIMESTRE]:[CUARTO TRIMESTRE]])","v":72},{"v":45,"d":"RD$45.00"},{"v":3240,"d":"RD$3,240.00"},null,"COMPRA DIRECTA",{"$nulls":7},"4513 - Medios fotográficos y de grabación"]
["5017 - Condimentos y conservantes","SAL","LIBRA",15,15,15,15,{"$f":"SUM(Tabla1323[[#This Row],[PRIMER TRIMESTRE]:[CUARTO TRIMESTRE]])","v":60},{"v":15,"d":"RD$15.00"},{"v":900,"d":"RD$900.00"},null,"COMPRA DIRECTA",{"$nulls":7},"4514 - Suministros fotográficos para cine"]
["5015 - Aceites y grasas comestibles","ACEITE DE OLIVA","GALON",3,3,3,3,{"$f":"SUM(Tabla1323[[#This Row],[PRIMER TRIMESTRE]:[CUARTO TRIMESTRE]])","v":12},{"v":745,"d":"RD$745.00"},{"v":8940,"d":"RD$8,940.00"},null,"COMPRA DIRECTA",{"$nulls":7},"4610 - Armas ligeras y munición"]
["5019 - Alimentos preparados y conservados","MAIZ","UNIDAD",30,30,30,30,{"$f":"SUM(Tabla1323[[#This Row],[PRIMER TRIMESTRE]:[CUARTO TRIMESTRE]])","v":120},{"v":80,"d":"RD$80.00"},{"v":9600,"d":"RD$9,600.00"},null,"COMPRA DIRECTA",{"$nulls":7},"4611 - Armas de guerra convencionales"]
["4412 - Suministros de oficina","HOJASL 8X11","CAJA",9,9,9,9,{"$f":"SUM(Tabla1323[[#This Row],[PRIMER TRIMESTRE]:[CUARTO TRIMESTRE]])","v":36},{"v":2545,"d":"RD$2,545.00"},{"v":91620,"d":"RD$91,620.00"},null,"COMPRA DIRECTA",{"$nulls":7},"4612 - Misiles"]
["4412 - Suministros de oficina","HOJAS 8X14","RESMA",3,3,3,3,{"$f":"SUM(Tabla1323[[#This Row],[PRIMER TRIMESTRE]:[CUARTO TRIMESTRE]])","v":12},{"v":750,"d":"RD$750.00"},{"v":9000,"d":"RD$9,000.00"},null,"COMPRA DIRECTA",{"$nulls":7},"4613 - Cohetes y subsistemas"]
["4412 - Suministros de oficina","CALCULADORA ","UNIDAD",1,1,1,1,{"$f":"SUM(Tabla1323[[#This Row],[PRIMER TRIMESTRE]:[CUARTO TRIMESTRE]])","v":4},{"v":150,"d":"RD$150.00"},{"v":600,"d":"RD$600.00"},null,"COMPRA DIRECTA",{"$nulls":7},"4614 - Lanzadores"]
["4412 - Suministros de oficina","BROCHE PARA ARCHIVOS","CAJA",3,3,3,3,{"$f":"SUM(Tabla1323[[#This Row],[PRIMER TRIMESTRE]:[CUARTO TRIMESTRE]])","v":12},{"v":275,"d":"RD$275.00"},{"v":3300,"d":"RD$3,300.00"},null,"COMPRA DIRECTA",{"$nulls":7},"4615 - Orden Público"]
["4412 - Suministros de oficina","FORDEN ","CAJA",2,2,2,2,{"$f":"SUM(Tabla1323[[#This Row],[PRIMER TRIMESTRE]:[CUARTO TRIMESTRE]])","v":8},{"v":550,"d":"RD$550.00"},{"v":4400,"d":"RD$4,400.00"},null,"COMPRA DIRECTA",{"$nulls":7},"4616 - Seguridad y control público"]
["4412 - Suministros de oficina","TINTA DE SELLO","UNIDAD",1,1,1,1,{"$f":"SUM(Tabla1323[[#This Row],[PRIMER TRIMESTRE]:[CUARTO TRIMESTRE]])","v":4},{"v":375,"d":"RD$375.00"},{"v":1500,"d":"RD$1,500.00"},null,"COMPRA DIRECTA",{"$nulls":7},"4617 - Seguridad, vigilancia y detección"]
["4412 - Suministros de oficina","TINTA DE 504","UNIDAD",2,2,2,2,{"$f":"SUM(Tabla1323[[#This Row],[PRIMER TRIMESTRE]:[CUARTO TRIMESTRE]])","v":8},{"v":700,"d":"RD$700.00"},{"v":5600,"d":"RD$5,600.00"},null,"COMPRA DIRECTA",{"$nulls":7},"4618 - Seguridad y protección personal"]
["4412 - Suministros de oficina","TNTA 544","UNIDAD",2,2,2,2,{"$f":"SUM(Tabla1323[[#This Row],[PRIMER TRIMESTRE]:[CUARTO TRIMESTRE]])","v":8},{"v":700,"d":"RD$700.00"},{"v":5600,"d":"RD$5,600.00"},null,"COMPRA DIRECTA",{"$nulls":7},"4619 - Protección contra incendios"]
["4412 - Suministros de oficina","CLIPS","CAJA",1,1,1,1,{"$f":"SUM(Tabla1323[[#This Row],[PRIMER TRIMESTRE]:[CUARTO TRIMESTRE]])","v":4},{"v":50,"d":"RD$50.00"},{"v":200,"d":"RD$200.00"},null,"COMPRA DIRECTA",{"$nulls":7},"4710 - Tratamiento, suministros y eliminación de agua y aguas residuales"]
["4412 - Suministros de oficina","LAPICERO","CAJA",1,1,1,1,{"$f":"SUM(Tabla1323[[#This Row],[PRIMER TRIMESTRE]:[CUARTO TRIMESTRE]])","v":4},{"v":150,"d":"RD$150.00"},{"v":600,"d":"RD$600.00"},null,"COMPRA DIRECTA",{"$nulls":7},"4711 - Equipo industrial de lavandería y limpieza en seco"]
["4412 - Suministros de oficina","POSTIN","CAJA",2,2,2,2,{"$f":"SUM(Tabla1323[[#This Row],[PRIMER TRIMESTRE]:[CUARTO TRIMESTRE]])","v":8},{"v":55,"d":"RD$55.00"},{"v":440,"d":"RD$440.00"},null,"COMPRA DIRECTA",{"$nulls":7},"4712 - Equipo de limpieza"]
["4412 - Suministros de oficina","GRAPAS","CAJA",2,2,2,2,{"$f":"SUM(Tabla1323[[#This Row],[PRIMER TRIMESTRE]:[CUARTO TRIMESTRE]])","v":8},{"v":125,"d":"RD$125.00"},{"v":1000,"d":"RD$1,000.00"},null,"COMPRA DIRECTA",{"$nulls":7},"4713 - Suministros de limpieza"]
["4412 - Suministros de oficina","SACA GRAPAS","UNIDAD",1,1,1,1,{"$f":"SUM(Tabla1323[[#This Row],[PRIMER TRIMESTRE]:[CUARTO TRIMESTRE]])","v":4},{"v":45,"d":"RD$45.00"},{"v":180,"d":"RD$180.00"},null,"COMPRA DIRECTA",{"$nulls":7},"4810 - Equipos de servicios de alimentación para instituciones"]
["4412 - Suministros de oficina"," MARCADORES","UNIDAD",1,null,null,1,{"$f":"SUM(Tabla1323[[#This Row],[PRIMER TRIMESTRE]:[CUARTO TRIMESTRE]])","v":2},{"v":38,"d":"RD$38.00"},{"v":76,"d":"RD$76.00"},null,"COMPRA DIRECTA",{"$nulls":7},"4811 - Máquinas expendedoras"]
["4412 - Suministros de oficina","CUADERNOS","PAQUETE ",2,2,2,2,{"$f":"SUM(Tabla1323[[#This Row],[PRIMER TRIMESTRE]:[CUARTO TRIMESTRE]])","v":8},{"v":3360,"d":"RD$3,360.00"},{"v":26880,"d":"RD$26,880.00"},null,"COMPRA DIRECTA",{"$nulls":7},"4812 - Equipo de Juego o de Apostar"]
["4412 - Suministros de oficina","RESALTADOR","UNIDAD",1,1,1,1,{"$f":"SUM(Tabla1323[[#This Row],[PRIMER TRIMESTRE]:[CUARTO TRIMESTRE]])","v":4},{"v":60,"d":"RD$60.00"},{"v":240,"d":"RD$240.00"},null,"COMPRA DIRECTA",{"$nulls":7},"4910 - Coleccionables y condecoraciones"]
["4412 - Suministros de oficina","CINTAS ADHESIVAS","UNIDAD",1,1,1,1,{"$f":"SUM(Tabla1323[[#This Row],[PRIMER TRIMESTRE]:[CUARTO TRIMESTRE]])","v":4},{"v":125,"d":"RD$125.00"},{"v":500,"d":"RD$500.00"},null,"COMPRA DIRECTA",{"$nulls":7},"4912 - Equipos y accesorios para acampada y exterior"]
["4412 - Suministros de oficina","TIJERAS","UNIDAD",1,null,null,1,{"$f":"SUM(Tabla1323[[#This Row],[PRIMER TRIMESTRE]:[CUARTO TRIMESTRE]])","v":2},{"v":125,"d":"RD$125.00"},{"v":250,"d":"RD$250.00"},null,"COMPRA DIRECTA",{"$nulls":7},"4913 - Equipos de pesca y caza"]
["4412 - Suministros de oficina","CARPETAS","UNIDAD",1,1,1,1,{"$f":"SUM(Tabla1323[[#This Row],[PRIMER TRIMESTRE]:[CUARTO TRIMESTRE]])","v":4},{"v":475,"d":"RD$475.00"},{"v":1900,"d":"RD$1,900.00"},null,"COMPRA DIRECTA",{"$nulls":7},"4914 - Equipos para deportes acuáticos"]
["4412 - Suministros de oficina","PROTECTOR P /HOJAS","PAQUETE",2,2,2,2,{"$f":"SUM(Tabla1323[[#This Row],[PRIMER TRIMESTRE]:[CUARTO TRIMESTRE]])","v":8},{"v":190,"d":"RD$190.00"},{"v":1520,"d":"RD$1,520.00"},null,"COMPRA DIRECTA",{"$nulls":7},"4915 - Equipos para deportes de invierno"]
["4412 - Suministros de oficina","GRAPADORA","UNIDAD",1,null,null,1,{"$f":"SUM(Tabla1323[[#This Row],[PRIMER TRIMESTRE]:[CUARTO TRIMESTRE]])","v":2},{"v":375,"d":"RD$375.00"},{"v":750,"d":"RD$750.00"},null,"COMPRA DIRECTA",{"$nulls":7},"4916 - Equipos deportivos para campos y canchas"]
["4412 - Suministros de oficina","LIBRO HIV","UNIDAD",1,null,null,1,{"$f":"SUM(Tabla1323[[#This Row],[PRIMER TRIMESTRE]:[CUARTO TRIMESTRE]])","v":2},{"v":2500,"d":"RD$2,500.00"},{"v":5000,"d":"RD$5,000.00"},null,"COMPRA DIRECTA",{"$nulls":7},"4917 - Equipos de gimnasia y boxeo"]
["4412 - Suministros de oficina","TALONARIO","CAJA",3,3,3,3,{"$f":"SUM(Tabla1323[[#This Row],[PRIMER TRIMESTRE]:[CUARTO TRIMESTRE]])","v":12},{"v":1250,"d":"RD$1,250.00"},{"v":15000,"d":"RD$15,000.00"},null,"COMPRA DIRECTA",{"$nulls":7},"4918 - Juegos y equipo de tiro y mesa"]
["4412 - Suministros de oficina","MEMORIA","UNIDAD",1,1,1,1,{"$f":"SUM(Tabla1323[[#This Row],[PRIMER TRIMESTRE]:[CUARTO TRIMESTRE]])","v":4},{"v":475,"d":"RD$475.00"},{"v":1900,"d":"RD$1,900.00"},null,"COMPRA DIRECTA",{"$nulls":7},"4920 - Equipo para entrenamiento físico"]
["4412 - Suministros de oficina","PAPEL CARBON ","CAJA",1,1,1,1,{"$f":"SUM(Tabla1323[[#This Row],[PRIMER TRIMESTRE]:[CUARTO TRIMESTRE]])","v":4},{"v":563,"d":"RD$563.00"},{"$f":"+H204*I204","v":{"v":2252,"d":"RD$2,252.00"}},null,"COMPRA DIRECTA",{"$nulls":7},"4921 - Otros deportes"]
["4412 - Suministros de oficina","BANDA AMARILLAS ","CAJA",1,1,1,1,{"$f":"SUM(Tabla1323[[#This Row],[PRIMER TRIMESTRE]:[CUARTO TRIMESTRE]])","v":4},{"v":500,"d":"RD$500.00"},{"v":2000,"d":"RD$2,000.00"},null,"COMPRA DIRECTA",{"$nulls":7},"4922 - Equipo de deporte y accesorios"]
["1411 - Productos de papel","PAPEL DE BAÑO","FALDO",12,12,12,12,{"$f":"SUM(Tabla1323[[#This Row],[PRIMER TRIMESTRE]:[CUARTO TRIMESTRE]])","v":48},{"v":1440,"d":"RD$1,440.00"},{"v":69120,"d":"RD$69,120.00"},null,"COMPRA DIRECTA",{"$nulls":7},"4924 - Equipo de recreo y parques infantiles y equipo y suministros de natación y de spa"]
["1411 - Productos de papel","PAPEL TOALLA","FARDO",12,12,12,12,{"$f":"SUM(Tabla1323[[#This Row],[PRIMER TRIMESTRE]:[CUARTO TRIMESTRE]])","v":48},{"v":540,"d":"RD$540.00"},{"v":25920,"d":"RD$25,920.00"},null,"COMPRA DIRECTA",{"$nulls":7},"5010 - Frutas, verduras y frutos secos"]
["4713 - Suministros de limpieza","LIMPIA CRISTAL","UNIDAD               ",6,6,6,6,{"$f":"SUM(Tabla1323[[#This Row],[PRIMER TRIMESTRE]:[CUARTO TRIMESTRE]])","v":24},{"v":250,"d":"RD$250.00"},{"v":6000,"d":"RD$6,000.00"},null,"COMPRA DIRECTA",{"$nulls":7},"5011 - Productos de carne y aves de corral"]
["4713 - Suministros de limpieza","DETERGENTE DE OLOR ","UNDAD ",15,15,15,15,{"$f":"SUM(Tabla1323[[#This Row],[PRIMER TRIMESTRE]:[CUARTO TRIMESTRE]])","v":60},{"v":445,"d":"RD$445.00"},{"v":26700,"d":"RD$26,700.00"},null,"COMPRA DIRECTA",{"$nulls":7},"5012 - Pescados y mariscos"]
["4713 - Suministros de limpieza","JABON DE FREGAR","UNIDAD",15,15,15,15,{"$f":"SUM(Tabla1323[[#This Row],[PRIMER TRIMESTRE]:[CUARTO TRIMESTRE]])","v":60},{"v":345,"d":"RD$345.00"},{"v":20700,"d":"RD$20,700.00"},null,"COMPRA DIRECTA",{"$nulls":7},"5013 - Productos lácteos y huevos"]
["4713 - Suministros de limpieza","CLORO","UNIDAD",15,15,15,15,{"$f":"SUM(Tabla1323[[#This Row],[PRIMER TRIMESTRE]:[CUARTO TRIMESTRE]])","v":60},{"v":135,"d":"RD$135.00"},{"v":8100,"d":"RD$8,100.00"},null,"COMPRA DIRECTA",{"$nulls":7},"5015 - Aceites y grasas comestibles"]
["4713 - Suministros de limpieza","JABON DE CUABA","UNIDAD",3,3,3,3,{"$f":"SUM(Tabla1323[[#This Row],[PRIMER TRIMESTRE]:[CUARTO TRIMESTRE]])","v":12},{"v":285,"d":"RD$285.00"},{"v":3420,"d":"RD$3,420.00"},null,"COMPRA DIRECTA",{"$nulls":7},"5016 - Chocolates, azúcares, edulcorantes y productos de confitería"]
["4713 - Suministros de limpieza","ESCOBA","UNIDAD",3,3,3,3,{"$f":"SUM(Tabla1323[[#This Row],[PRIMER TRIMESTRE]:[CUARTO TRIMESTRE]])","v":12},{"v":150,"d":"RD$150.00"},{"v":1800,"d":"RD$1,800.00"},null,"COMPRA DIRECTA",{"$nulls":7},"5017 - Condimentos y conservantes"]
["4713 - Suministros de limpieza","RECOGEDIOR","UNIDAD",1,1,1,1,{"$f":"SUM(Tabla1323[[#This Row],[PRIMER TRIMESTRE]:[CUARTO TRIMESTRE]])","v":4},{"v":150,"d":"RD$150.00"},{"v":600,"d":"RD$600.00"},null,"COMPRA DIRECTA",{"$nulls":7},"5018 - Productos de panadería"]
["4713 - Suministros de limpieza","LANILLAS","UNIDAD",15,15,15,15,{"$f":"SUM(Tabla1323[[#This Row],[PRIMER TRIMESTRE]:[CUARTO TRIMESTRE]])","v":60},{"v":90,"d":"RD$90.00"},{"v":5400,"d":"RD$5,400.00"},null,"COMPRA DIRECTA",{"$nulls":7},"5019 - Alimentos preparados y conservados"]
["4713 - Suministros de limpieza","GUANTES DE LIMPIEZA ","UNIDAD",30,30,30,30,{"$f":"SUM(Tabla1323[[#This Row],[PRIMER TRIMESTRE]:[CUARTO TRIMESTRE]])","v":120},{"v":240,"d":"RD$240.00"},{"v":28800,"d":"RD$28,800.00"},null,"COMPRA DIRECTA",{"$nulls":7},"5020 - Bebidas"]
["4713 - Suministros de limpieza","FUNDA NEGRAS DE 55 GALONES ","FARDO",6,6,6,6,{"$f":"SUM(Tabla1323[[#This Row],[PRIMER TRIMESTRE]:[CUARTO TRIMESTRE]])","v":24},{"v":1050,"d":"RD$1,050.00"},{"v":25200,"d":"RD$25,200.00"},null,"COMPRA DIRECTA",{"$nulls":7},"5021 - Tabaco y productos de fumar y substitutos"]
["4713 - Suministros de limpieza","FUNDAS PEQUEÑAS","FARDO",6,6,6,6,{"$f":"SUM(Tabla1323[[#This Row],[PRIMER TRIMESTRE]:[CUARTO TRIMESTRE]])","v":24},{"v":1200,"d":"RD$1,200.00"},{"v":28800,"d":"RD$28,800.00"},null,"COMPRA DIRECTA",{"$nulls":7},"5022 - Productos de Cereales y Legumbres"]
["4713 - Suministros de limpieza","ESPONJA DE FREGAR","UNIDAD",15,15,15,15,{"$f":"SUM(Tabla1323[[#This Row],[PRIMER TRIMESTRE]:[CUARTO TRIMESTRE]])","v":60},{"v":45,"d":"RD$45.00"},{"v":2700,"d":"RD$2,700.00"},null,"COMPRA DIRECTA",{"$nulls":7},"5110 - Medicamentos antiinfecciosos"]
["4713 - Suministros de limpieza","BRILLO FINO","UNIDAD",15,15,15,15,{"$f":"SUM(Tabla1323[[#This Row],[PRIMER TRIMESTRE]:[CUARTO TRIMESTRE]])","v":60},{"v":50,"d":"RD$50.00"},{"v":3000,"d":"RD$3,000.00"},null,"COMPRA DIRECTA",{"$nulls":7},"5111 - Agentes antitumorales"]
["4713 - Suministros de limpieza","BRILLO GRUESO","UNIDAD",15,15,15,15,{"$f":"SUM(Tabla1323[[#This Row],[PRIMER TRIMESTRE]:[CUARTO TRIMESTRE]])","v":60},{"v":60,"d":"RD$60.00"},{"v":3600,"d":"RD$3,600.00"},null,"COMPRA DIRECTA",{"$nulls":7},"5112 - Medicamentos cardiovasculares"]
["4713 - Suministros de limpieza","ESCOBILLO DE LIMPIAR INODORO ","UNIDAD",1,1,1,1,{"$f":"SUM(Tabla1323[[#This Row],[PRIMER TRIMESTRE]:[CUARTO TRIMESTRE]])","v":4},{"v":250,"d":"RD$250.00"},{"v":1000,"d":"RD$1,000.00"},null,"COMPRA DIRECTA",{"$nulls":7},"5113 - Medicamentos hematólicos"]
["4713 - Suministros de limpieza","DETERGENTE EN POLVO","SACO",1,1,1,1,{"$f":"SUM(Tabla1323[[#This Row],[PRIMER TRIMESTRE]:[CUARTO TRIMESTRE]])","v":4},{"v":1150,"d":"RD$1,150.00"},{"v":4600,"d":"RD$4,600.00"},null,"COMPRA DIRECTA",{"$nulls":7},"5114 - Medicamentos para el sistema nervioso central"]
["4713 - Suministros de limpieza","SUAPER","UNIDAD",1,1,1,1,{"$f":"SUM(Tabla1323[[#This Row],[PRIMER TRIMESTRE]:[CUARTO TRIMESTRE]])","v":4},{"v":290,"d":"RD$290.00"},{"v":1160,"d":"RD$1,160.00"},null,"COMPRA DIRECTA",{"$nulls":7},"5115 - Medicamentos para el sistema nervioso autónomo"]
["4713 - Suministros de limpieza","DESEGRASANTE","UNIDAD",6,6,6,6,{"$f":"SUM(Tabla1323[[#This Row],[PRIMER TRIMESTRE]:[CUARTO TRIMESTRE]])","v":24},{"v":250,"d":"RD$250.00"},{"v":6000,"d":"RD$6,000.00"},null,"COMPRA DIRECTA",{"$nulls":7},"5116 - Medicamentos que afectan al tracto respiratorio"]
["5219 - Utensilios de cocina domésticos","PLATOS GRANDE","FARDO",6,6,6,6,{"$f":"SUM(Tabla1323[[#This Row],[PRIMER TRIMESTRE]:[CUARTO TRIMESTRE]])","v":24},{"v":1450,"d":"RD$1,450.00"},{"v":34800,"d":"RD$34,800.00"},null,"COMPRA DIRECTA",{"$nulls":7},"5117 - Medicamentos que afectan al sistema gastrointestinal"]
["5219 - Utensilios de cocina domésticos","CUBIERTOS","PAQUETE",6,6,6,6,{"$f":"SUM(Tabla1323[[#This Row],[PRIMER TRIMESTRE]:[CUARTO TRIMESTRE]])","v":24},{"v":30,"d":"RD$30.00"},{"v":720,"d":"RD$720.00"},null,"COMPRA DIRECTA",{"$nulls":7},"5118 - Hormonas y antagonistas hormonales"]
["5219 - Utensilios de cocina domésticos","CUCHARAS ","PAQUETE",6,6,6,6,{"$f":"SUM(Tabla1323[[#This Row],[PRIMER TRIMESTRE]:[CUARTO TRIMESTRE]])","v":24},{"v":30,"d":"RD$30.00"},{"v":720,"d":"RD$720.00"},null,"COMPRA DIRECTA",{"$nulls":7},"5119 - Agentes que afectan el agua y los electrolitos"]
["5219 - Utensilios de cocina domésticos","VASO #7","PAQUETE",9,9,9,9,{"$f":"SUM(Tabla1323[[#This Row],[PRIMER TRIMESTRE]:[CUARTO TRIMESTRE]])","v":36},{"v":55,"d":"RD$55.00"},{"v":1980,"d":"RD$1,980.00"},null,"COMPRA DIRECTA",{"$nulls":7},"5120 - Medicamentos inmunomoduladores"]
["5219 - Utensilios de cocina domésticos","PAPEL ALUMINIO","UNIDAD",6,6,6,6,{"$f":"SUM(Tabla1323[[#This Row],[PRIMER TRIMESTRE]:[CUARTO TRIMESTRE]])","v":24},{"v":250,"d":"RD$250.00"},{"v":6000,"d":"RD$6,000.00"},null,"COMPRA DIRECTA",{"$nulls":7},"5121 - Categorías de medicamentos varios"]
["5219 - Utensilios de cocina domésticos","SERVILLETAS","CAJA",6,6,6,6,{"$f":"SUM(Tabla1323[[#This Row],[PRIMER TRIMESTRE]:[CUARTO TRIMESTRE]])","v":24},{"v":1250,"d":"RD$1,250.00"},{"v":30000,"d":"RD$30,000.00"},null,"COMPRA DIRECTA",{"$nulls":7},"5124 - Fármacos que afectan a los oídos, los ojos, la nariz y la piel"]
["5313 - Artículos de tocador","JABON PRIMOR","CAJA",1,1,1,1,{"$f":"SUM(Tabla1323[[#This Row],[PRIMER TRIMESTRE]:[CUARTO TRIMESTRE]])","v":4},{"v":2500,"d":"RD$2,500.00"},{"v":10000,"d":"RD$10,000.00"},null,"COMPRA DIRECTA",{"$nulls":7},"5125 - Suplementos alimenticios veterinarios"]
["5216 - Utensilios de cocina domésticos","CUCHILLO","UNIDAD",1,null,null,1,{"$f":"SUM(Tabla1323[[#This Row],[PRIMER TRIMESTRE]:[CUARTO TRIMESTRE]])","v":2},{"v":165,"d":"RD$165.00"},{"v":330,"d":"RD$330.00"},null,"COMPRA DIRECTA",{"$nulls":7},"5210 - Revestimientos de suelos"]
["5217 - Utensilios de cocina domésticos","MOCHA","UNIDAD",1,null,null,1,{"$f":"SUM(Tabla1323[[#This Row],[PRIMER TRIMESTRE]:[CUARTO TRIMESTRE]])","v":2},{"v":180,"d":"RD$180.00"},{"v":360,"d":"RD$360.00"},null,"COMPRA DIRECTA",{"$nulls":7},"5212 - Ropa de cama, mantelerías, paños de cocina y toallas"]
["5218 - Utensilios de cocina domésticos","COLADOR","UNIDAD",1,null,null,1,{"$f":"SUM(Tabla1323[[#This Row],[PRIMER TRIMESTRE]:[CUARTO TRIMESTRE]])","v":2},{"v":85,"d":"RD$85.00"},{"v":170,"d":"RD$170.00"},null,"COMPRA DIRECTA",{"$nulls":7},"5213 - Tratamientos de ventanas"]
["5219 - Utensilios de cocina domésticos","VASO DE CRITAL","UNIDAD",3,3,3,3,{"$f":"SUM(Tabla1323[[#This Row],[PRIMER TRIMESTRE]:[CUARTO TRIMESTRE]])","v":12},{"v":75,"d":"RD$75.00"},{"v":900,"d":"RD$900.00"},null,"COMPRA DIRECTA",{"$nulls":7},"5214 - Aparatos electrodomésticos"]
["5220 - Utensilios de cocina domésticos","PLATO LLANOS","UNIDAD",3,3,3,3,{"$f":"SUM(Tabla1323[[#This Row],[PRIMER TRIMESTRE]:[CUARTO TRIMESTRE]])","v":12},{"v":115,"d":"RD$115.00"},{"v":1380,"d":"RD$1,380.00"},null,"COMPRA DIRECTA",{"$nulls":7},"5215 - Utensilios de cocina domésticos"]
["5221 - Utensilios de cocina domésticos","PLATOS HONDOS","UNIDAD",3,3,3,3,{"$f":"SUM(Tabla1323[[#This Row],[PRIMER TRIMESTRE]:[CUARTO TRIMESTRE]])","v":12},{"v":85,"d":"RD$85.00"},{"v":1020,"d":"RD$1,020.00"},null,"COMPRA DIRECTA",{"$nulls":7},"5216 - Electrónica de consumo"]
["5222 - Utensilios de cocina domésticos","SET DE CUBIERTO","UNIDAD",1,null,null,1,{"$f":"SUM(Tabla1323[[#This Row],[PRIMER TRIMESTRE]:[CUARTO TRIMESTRE]])","v":2},{"v":175,"d":"RD$175.00"},{"v":350,"d":"RD$350.00"},null,"COMPRA DIRECTA",{"$nulls":7},"5217 - Tratamientos de pared doméstica"]
["5223 - Utensilios de cocina domésticos","SET DE CUCHARAS","UNIDAD",1,null,null,1,{"$f":"SUM(Tabla1323[[#This Row],[PRIMER TRIMESTRE]:[CUARTO TRIMESTRE]])","v":2},{"v":135,"d":"RD$135.00"},{"v":270,"d":"RD$270.00"},null,"COMPRA DIRECTA","VENTA SERVICO",{"$nulls":6},"5310 - Ropa"]
["5224 - Utensilios de cocina domésticos","JUEGO TAZA ","UNIDAD",3,3,3,3,{"$f":"SUM(Tabla1323[[#This Row],[PRIMER TRIMESTRE]:[CUARTO TRIMESTRE]])","v":12},{"v":900,"d":"RD$900.00"},{"v":10800,"d":"RD$10,800.00"},null,"COMPRA DIRECTA","VENTA SERVICO",{"$nulls":6},"5311 - Calzado"]
["5225 - Utensilios de cocina domésticos","GRECA","UNIDAD",1,null,null,1,{"$f":"SUM(Tabla1323[[#This Row],[PRIMER TRIMESTRE]:[CUARTO TRIMESTRE]])","v":2},{"v":830,"d":"RD$830.00"},{"v":1660,"d":"RD$1,660.00"},null,"COMPRA DIRECTA","VENTA SERVICO",{"$nulls":6},"5312 - Maletas, bolsos de mano, mochilas y estuches"]
["5226 - Utensilios de cocina domésticos","TERMO DE CAFÉ","UNIDAD",1,null,null,1,{"$f":"SUM(Tabla1323[[#This Row],[PRIMER TRIMESTRE]:[CUARTO TRIMESTRE]])","v":2},{"v":2750,"d":"RD$2,750.00"},{"v":5500,"d":"RD$5,500.00"},null,"COMPRA DIRECTA","VENTA SERVICO",{"$nulls":6},"5313 - Artículos de tocador"]
["2711 - Herramientas de mano","Set de herramientas de mantenimientos y repa.","Unidad",null,1,null,null,{"$f":"SUM(Tabla1323[[#This Row],[PRIMER TRIMESTRE]:[CUARTO TRIMESTRE]])","v":1},{"v":2500,"d":"RD$2,500.00"},{"v":2500,"d":"RD$2,500.00"},null,"COMPRA DIRECTA","VENTA SERVICO",{"$nulls":6},"5314 - Fuentes y accesorios de costura"]
["1510 - Combustibles","Gasolina","unidad",6,6,5,5,{"$f":"SUM(Tabla1323[[#This Row],[PRIMER TRIMESTRE]:[CUARTO TRIMESTRE]])","v":22},{"v":272.5,"d":"RD$272.50"},{"v":5995,"d":"RD$5,995.00"},null,"COMPRA DIRECTA","VENTA SERVICO",{"$nulls":6},"5410 - Joyería"]
["2612 - Alambres, cables o arneses","Alambre electricos","Rollo",1,null,1,null,{"$f":"SUM(Tabla1323[[#This Row],[PRIMER TRIMESTRE]:[CUARTO TRIMESTRE]])","v":2},{"v":5000,"d":"RD$5,000.00"},{"v":10000,"d":"RD$10,000.00"},null,"COMPRA DIRECTA","VENTA SERVICO",{"$nulls":6},"5411 - Relojes"]
["8012 - Servicios legales","Contrato para fletes","Unidad",1,null,1,null,{"$f":"SUM(Tabla1323[[#This Row],[PRIMER TRIMESTRE]:[CUARTO TRIMESTRE]])","v":2},{"v":2500,"d":"RD$2,500.00"},{"v":5000,"d":"RD$5,000.00"},null,"COMPRA DIRECTA","VENTA SERVICO",{"$nulls":6},"5412 - Gemas"]
["8111 - Servicios informáticos","informatica","unidad",1,null,1,null,{"$f":"SUM(Tabla1323[[#This Row],[PRIMER TRIMESTRE]:[CUARTO TRIMESTRE]])","v":2},{"v":2500,"d":"RD$2,500.00"},{"v":5000,"d":"RD$5,000.00"},null,"COMPRA DIRECTA","ANTICIPO FINANCIERO",{"$nulls":6},"5510 - Medios impresos"]
["1019 - Productos para el control de plagas y malas hierbas ","Inseptisida","Unidad",2,3,2,3,{"$f":"SUM(Tabla1323[[#This Row],[PRIMER TRIMESTRE]:[CUARTO TRIMESTRE]])","v":10},{"v":200,"d":"RD$200.00"},{"v":2000,"d":"RD$2,000.00"},null,"COMPRA DIRECTA","VENTA SERVICO",{"$nulls":6},"5511 - Material electrónico de referencia"]
["4410 - Maquinaria, suministros y accesorios de oficina","equipos, estanteria, computadoras","Unidad",1,1,1,1,{"$f":"SUM(Tabla1323[[#This Row],[PRIMER TRIMESTRE]:[CUARTO TRIMESTRE]])","v":4},{"v":45000,"d":"RD$45,000.00"},{"v":180000,"d":"RD$180,000.00"},null,"COMPRA DIRECTA","VENTA SERVICO",{"$nulls":6},"5512 - Etiquetado y accesorios"]
["1510 - Combustibles","Gasoil","Unidad",250,250,250,200,{"$f":"SUM(Tabla1323[[#This Row],[PRIMER TRIMESTRE]:[CUARTO TRIMESTRE]])","v":950},{"v":221.6,"d":"RD$221.60"},{"v":210520,"d":"RD$210,520.00"},null,"COMPRA DIRECTA","VENTA SERVICO",{"$nulls":6},"5610 - Muebles de alojamiento"]
["7611 - Servicios de limpieza y de consejería","Desyerbe de patio y limpieza de cisterna","unidad",6,6,6,6,{"$f":"SUM(Tabla1323[[#This Row],[PRIMER TRIMESTRE]:[CUARTO TRIMESTRE]])","v":24},{"v":7000,"d":"RD$7,000.00"},{"v":168000,"d":"RD$168,000.00"},null,"COMPRA DIRECTA","VENTA SERVICO"]
["1019 - Productos para el control de plagas y malas hierbas ","Fumigaciones","unidad",1,1,1,1,{"$f":"SUM(Tabla1323[[#This Row],[PRIMER TRIMESTRE]:[CUARTO TRIMESTRE]])","v":4},{"v":2000,"d":"RD$2,000.00"},{"v":8000,"d":"RD$8,000.00"},null,"COMPRA DIRECTA","VENTA SERVICO"]
["8311 - Servicios de medios de telecomunicaciones","teléfono ","unidad",3,3,3,3,{"$f":"SUM(Tabla1323[[#This Row],[PRIMER TRIMESTRE]:[CUARTO TRIMESTRE]])","v":12},{"v":3600,"d":"RD$3,600.00"},{"v":43200,"d":"RD$43,200.00"},null,"COMPRA DIRECTA","VENTA SERVICO"]
["4110 - Equipo de laboratorio y científico","Mantenimiento y reparación de equipos médicos","unidad",null,1,null,null,{"$f":"SUM(Tabla1323[[#This Row],[PRIMER TRIMESTRE]:[CUARTO TRIMESTRE]])","v":1},{"v":60000,"d":"RD$60,000.00"},{"v":60000,"d":"RD$60,000.00"},null,"COMPRA DIRECTA","VENTA SERVICO"]
["1512 - Lubricantes, aceites, grasas y anticorrosivos","15w40, culan , filtros, Heter","cubetas",null,1,null,1,{"$f":"SUM(Tabla1323[[#This Row],[PRIMER TRIMESTRE]:[CUARTO TRIMESTRE]])","v":2},{"v":10000,"d":"RD$10,000.00"},{"v":20000,"d":"RD$20,000.00"},null,"COMPRA DIRECTA","VENTA SERVICO"]
["8111 - Servicios informáticos","técnicos , profesionales y otros","unidad",3,2,3,2,{"$f":"SUM(Tabla1323[[#This Row],[PRIMER TRIMESTRE]:[CUARTO TRIMESTRE]])","v":10},{"v":1000,"d":"RD$1,000.00"},{"v":10000,"d":"RD$10,000.00"},null,"COMPRA DIRECTA","VENTA SERVICO"]
["7210 - Construcción de edificios, atención, mantenimiento y servicios de reparaciones","reparación menores del edificio, pintura y equipo. De oficina y otros","unidad",null,2,null,2,{"$f":"SUM(Tabla1323[[#This Row],[PRIMER TRIMESTRE]:[CUARTO TRIMESTRE]])","v":4},{"v":5000,"d":"RD$5,000.00"},{"v":20000,"d":"RD$20,000.00"},null,"COMPRA DIRECTA","VENTA SERVICO",{"$nulls":6},"5612 - Mobiliario institucional, escolar y educativo y accesorios"]
["3910 - Lámparas y bombillas y componentes para lámparas","Fluorecentes 110 watt 24 x24 ","Unidad",10,20,10,20,{"$f":"SUM(Tabla1323[[#This Row],[PRIMER TRIMESTRE]:[CUARTO TRIMESTRE]])","v":60},{"v":2200,"d":"RD$2,200.00"},{"v":132000,"d":"RD$132,000.00"},null,"COMPRA DIRECTA","VENTA SERVICO",{"$nulls":6},"6010 - Materiales didácticos profesionales y de desarrollo y accesorios y suministros"]
["3910 - Lámparas y bombillas y componentes para lámparas","Fluorecentes 110 watt 24 x48 ","Unidad",null,10,null,null,{"$f":"SUM(Tabla1323[[#This Row],[PRIMER TRIMESTRE]:[CUARTO TRIMESTRE]])","v":10},{"v":4500,"d":"RD$4,500.00"},{"v":45000,"d":"RD$45,000.00"},null,"COMPRA DIRECTA","VENTA SERVICO",{"$nulls":6},"6011 - Decoraciones y suministros del aula"]
["2612 - Alambres, cables o arneses","Mantenimiento y reparación eléctrica","unidad",2,2,2,2,{"$f":"SUM(Tabla1323[[#This Row],[PRIMER TRIMESTRE]:[CUARTO TRIMESTRE]])","v":8},{"v":1000,"d":"RD$1,000.00"},{"v":8000,"d":"RD$8,000.00"},null,"COMPRA DIRECTA","VENTA SERVICO",{"$nulls":6},"6012 - Equipo de arte y manualidades, accesorios y suministros"]
["8210 - Publicidad","Publicación de servicios brindados","Unidad",3,3,3,3,{"$f":"SUM(Tabla1323[[#This Row],[PRIMER TRIMESTRE]:[CUARTO TRIMESTRE]])","v":12},{"v":1500,"d":"RD$1,500.00"},{"v":18000,"d":"RD$18,000.00"},null,"COMPRA DIRECTA","ANTICIPO FINANCIERO",{"$nulls":6},"6013 - Instrumentos musicales, piezas y accesorios"]
["7810 - Transporte de correo y carga","Fletes","unidad",3,3,3,2,{"$f":"SUM(Tabla1323[[#This Row],[PRIMER TRIMESTRE]:[CUARTO TRIMESTRE]])","v":11},{"v":12000,"d":"RD$12,000.00"},{"v":132000,"d":"RD$132,000.00"},null,"COMPRA DIRECTA","VENTA SERVICO",{"$nulls":6},"6014 - Juguetes y juegos"]
["1510 - Combustibles","Gas GLP","Unidad",200,200,200,200,{"$f":"SUM(Tabla1323[[#This Row],[PRIMER TRIMESTRE]:[CUARTO TRIMESTRE]])","v":800},{"v":132.6,"d":"RD$132.60"},{"v":106080,"d":"RD$106,080.00"},null,"COMPRA DIRECTA","ANTICIPO FINANCIERO",{"$nulls":6},"7010 - Pesquerías y acuicultura"]
["3121 - Pinturas y tapa poros y acabados","Cubetas de 5 galones","Unidad",null,6,null,null,{"$f":"SUM(Tabla1323[[#This Row],[PRIMER TRIMESTRE]:[CUARTO TRIMESTRE]])","v":6},{"v":8000,"d":"RD$8,000.00"},{"v":48000,"d":"RD$48,000.00"},null,"COMPRA DIRECTA","VENTA SERVICO",{"$nulls":6},"7011 - Horticultura"]
["1214 - Elementos y gases","Oxigeno , ","Unidad",20,20,20,20,{"$f":"SUM(Tabla1323[[#This Row],[PRIMER TRIMESTRE]:[CUARTO TRIMESTRE]])","v":80},{"v":1662,"d":"RD$1,662.00"},{"v":132960,"d":"RD$132,960.00"},null,"COMPRA DIRECTA","VENTA SERVICO",{"$nulls":6},"7012 - Servicios de ganadería"]
["4619 - Protección contra incendios","Extintores","Unidad",null,1,null,null,{"$f":"SUM(Tabla1323[[#This Row],[PRIMER TRIMESTRE]:[CUARTO TRIMESTRE]])","v":1},{"v":16052.51,"d":"RD$16,052.51"},{"v":16052.51,"d":"RD$16,052.51"},null,"COMPRA DIRECTA","VENTA SERVICO",{"$nulls":6},"7013 - Preparación, gestión y protección del terreno y del suelo"]
["5214 - Aparatos electrodomésticos","Freecer","Unidad",null,1,null,null,{"$f":"SUM(Tabla1323[[#This Row],[PRIMER TRIMESTRE]:[CUARTO TRIMESTRE]])","v":1},{"v":20000,"d":"RD$20,000.00"},{"$f":"+H268*I268","v":{"v":20000,"d":"RD$20,000.00"}},null,"COMPRA DIRECTA","VENTA SERVICO",{"$nulls":6},"70140000 Producción, gestión y protección de cultivos"]
["4410 - Maquinaria, suministros y accesorios de oficina","Escritorios ","Unidad",1,1,1,1,{"$f":"SUM(Tabla1323[[#This Row],[PRIMER TRIMESTRE]:[CUARTO TRIMESTRE]])","v":4},{"v":10000,"d":"RD$10,000.00"},{"v":40000,"d":"RD$40,000.00"},null,"COMPRA DIRECTA","VENTA SERVICO",{"$nulls":6},"7015 - Cultivos forestales"]
["4410 - Maquinaria, suministros y accesorios de oficina","Sillones ejecutivos de oficina","Unidad",1,1,1,1,{"$f":"SUM(Tabla1323[[#This Row],[PRIMER TRIMESTRE]:[CUARTO TRIMESTRE]])","v":4},{"v":10000,"d":"RD$10,000.00"},{"v":40000,"d":"RD$40,000.00"},null,"COMPRA DIRECTA","VENTA SERVICO",{"$nulls":6},"7016 - Fauna y flora"]
["4410 - Maquinaria, suministros y accesorios de oficina","Impresoras","Unidad",null,2,null,null,{"$f":"SUM(Tabla1323[[#This Row],[PRIMER TRIMESTRE]:[CUARTO TRIMESTRE]])","v":2},{"v":15000,"d":"RD$15,000.00"},{"v":30000,"d":"RD$30,000.00"},null,"COMPRA DIRECTA","VENTA SERVICO",{"$nulls":6},"7017 - Desarrollo y vigilancia de recursos hidráulicos"]
["3115 - Ferretería","Artículos varios","Unidad",3,3,3,3,{"$f":"SUM(Tabla1323[[#This Row],[PRIMER TRIMESTRE]:[CUARTO TRIMESTRE]])","v":12},{"v":1000,"d":"RD$1,000.00"},{"v":12000,"d":"RD$12,000.00"},null,"COMPRA DIRECTA","VENTA SERVICO",{"$nulls":6},"7110 - Servicios de minería"]
["5212 - Ropa de cama, mantelerías, paños de cocina y toallas","Sabanas fundas de almohadas","Paquetes",10,10,10,10,{"$f":"SUM(Tabla1323[[#This Row],[PRIMER TRIMESTRE]:[CUARTO TRIMESTRE]])","v":40},{"v":1000,"d":"RD$1,000.00"},{"v":40000,"d":"RD$40,000.00"},null,"COMPRA DIRECTA","ANTICIPO FINANCIERO",{"$nulls":6},"7111 - Servicios de perforación y prospección petrolífera y de gas"]
["4010 - Calefacción, ventilación y circulación del aire","Aires Split","Unidad",null,1,1,null,{"$f":"SUM(Tabla1323[[#This Row],[PRIMER TRIMESTRE]:[CUARTO TRIMESTRE]])","v":2},{"v":24000,"d":"RD$24,000.00"},{"v":48000,"d":"RD$48,000.00"},null,"COMPRA DIRECTA","VENTA SERVICO",{"$nulls":6},"7112 - Servicios de mantenimiento y construcción de perforación de pozos"]
[null,null,"Unidad",{"$nulls":4},{"$f":"SUM(Tabla1323[[#This Row],[PRIMER TRIMESTRE]:[CUARTO TRIMESTRE]])","v":0},null,{"v":0,"d":"RD$0.00"},{"$nulls":9},"7113 - Servicios de aumento de la extracción producción de gas y petróleo"]
[null,null,"Unidad",{"$nulls":4},{"$f":"SUM(Tabla1323[[#This Row],[PRIMER TRIMESTRE]:[CUARTO TRIMESTRE]])","v":0},null,{"v":0,"d":"RD$0.00"},{"$nulls":9},"7114 - Servicios de restauración y recuperación de gas y aceite"]
[null,null,"Unidad",{"$nulls":4},{"$f":"SUM(Tabla1323[[#This Row],[PRIMER TRIMESTRE]:[CUARTO TRIMESTRE]])","v":0},null,{"v":0,"d":"RD$0.00"},{"$nulls":9},"7115 - Servicios de procesar y gestión de datos del aceite y gas"]
[null,null,"Unidad",{"$nulls":4},{"$f":"SUM(Tabla1323[[#This Row],[PRIMER TRIMESTRE]:[CUARTO TRIMESTRE]])","v":0},null,{"v":0,"d":"RD$0.00"},{"$nulls":9},"7116 - Servicios de gerencia del proyecto de aceite y gas del pozo"]
[{"$nulls":9},{"$f":"SUM(J11:J278)","v":{"v":5411000.51,"d":"5,411,000.51"}},{"$nulls":9},"7210 - Construcción de edificios, atención, mantenimiento y servicios de reparaciones"]
[{"$nulls":19},"7213 - Construcción general de edificios"]
[{"$nulls":19},"7310 - Industrias de plásticos y productos químicos"]
[{"$nulls":19},"7311 - Industrias de la madera y el papel"]
[{"$nulls":19},"7312 - Industrias del metal y de minerales"]
[{"$nulls":19},"7313 - Industrias de alimentos y bebidas"]
[{"$nulls":19},"7314 - Industrias de fibras, textiles y de tejidos"]
[{"$nulls":19},"7315 - Servicios de apoyo a la fabricación"]
[{"$nulls":19},"7316 - Fabricación de maquinaria y equipo de transporte"]
[{"$nulls":19},"7317 - Fabricación de productos eléctricos e instrumentos de precisión"]
[{"$nulls":19},"7318 - Servicios de labrado y procesado"]
[{"$nulls":19},"7610 - Servicios de descontaminación"]
[{"$nulls":19},"7611 - Servicios de limpieza y de consejería"]
[{"$nulls":19},"7612 - Eliminación y tratamiento de desechos"]
[{"$nulls":19},"7613 - Limpieza de residuos tóxicos y peligrosos"]
[{"$nulls":19},"7710 - Gestión medioambiental"]
[{"$nulls":19},"7711 - Protección medioambiental"]
[{"$nulls":19},"7712 - Seguimiento, control y rehabilitación de la contaminación"]
[{"$nulls":19},"7713 - Servicios de seguimiento, control o rehabilitación de contaminantes"]
[{"$nulls":19},"7810 - Transporte de correo y carga"]
[{"$nulls":19},"7811 - Transporte de pasajeros"]
[{"$nulls":19},"7812 - Manejo y embalaje de material"]
[{"$nulls":19},"7813 - Almacenaje"]
[{"$nulls":19},"7814 - Operaciones de transporte"]
[{"$nulls":19},"7818 - Servicios de mantenimiento o reparaciones de transportes"]
[{"$nulls":19},"8010 - Servicios de asesoría de gestión"]
[{"$nulls":19},"8011 - Servicios de recursos humanos"]
[{"$nulls":19},"8012 - Servicios legales"]
[{"$nulls":19},"8013 - Servicios inmobiliarios"]
[{"$nulls":19},"8014 - Comercialización y distribución"]
[{"$nulls":19},"8015 - Política comercial y servicios"]
[{"$nulls":19},"8016 - Servicios de administración de empresas"]
[{"$nulls":19},"8110 - Servicios profesionales de ingeniería"]
[{"$nulls":19},"8111 - Servicios informáticos"]
[{"$nulls":19},"8112 - Economía"]
[{"$nulls":19},"8113 - Estadística"]
[{"$nulls":19},"8114 - Tecnologías de fabricación"]
[{"$nulls":19},"8115 - Servicios de pedología"]
[{"$nulls":19},"8210 - Publicidad"]
[{"$nulls":19},"8211 - Escritura y traducciones"]
[{"$nulls":19},"8212 -  Servicios de reproducción"]
[{"$nulls":19},"8213 - Servicios fotográficos"]
[{"$nulls":19},"8214 - Diseño gráfico"]
[{"$nulls":19},"8215 - Artistas e intérpretes profesionales"]
[{"$nulls":19},"8310 - Servicios públicos"]
[{"$nulls":19},"8311 - Servicios de medios de telecomunicaciones"]
[{"$nulls":19},"8312 - Servicios de información"]
[{"$nulls":19},"8410 - Finanzas de desarrollo"]
[{"$nulls":19},"8411 - Contabilidad y auditorias"]
[{"$nulls":19},"8412 - Banca e inversiones"]
[{"$nulls":19},"8413 - Servicios de seguros y jubilación"]
[{"$nulls":19},"8414 - Agencias de crédito"]
[{"$nulls":19},"8510 - Servicios sanitarios integrales"]
[{"$nulls":19},"8511 - Prevención y control de enfermedades"]
[{"$nulls":19},"8512 -  Práctica médica"]
[{"$nulls":19}," 8513 - Ciencia médica, investigación y experimentación"]
[{"$nulls":19},"8514 - Medicina alternativa y holística"]
[{"$nulls":19},"8515 - Servicios alimentarios y de nutrición"]
[{"$nulls":19},"8610 - Formación profesional"]
[{"$nulls":19},"8611 - Sistemas educativos alternativos"]
[{"$nulls":19},"8612 - Instituciones educativas"]
[{"$nulls":19},"8613 - Servicios educativos especializados"]
[{"$nulls":19},"8614 - Instalaciones educativas"]
[{"$nulls":19},"9010 - Restaurantes y catering (servicios de comidas y bebidas)"]
[{"$nulls":19},"9011 - Instalaciones hoteleras, alojamientos y centros de encuentros"]
[{"$nulls":19},"9012 - Facilitación de viajes"]
[{"$nulls":19},"9013 - Artes interpretativas"]
[{"$nulls":19},"9014 - Deportes comerciales"]
[{"$nulls":19},"9015 - Servicios de entretenimiento"]
[{"$nulls":19},"9110 - Aspecto personal"]
[{"$nulls":19},"9111 - Asistencia doméstica y personal"]
[{"$nulls":19},"9210 - Orden público y seguridad"]
[{"$nulls":19},"9211 - Servicios militares o defensa nacional"]
[{"$nulls":19},"9212 - Seguridad y protección personal"]
[{"$nulls":19},"9310 - Sistemas e instituciones políticas"]
[{"$nulls":19},"9311 - Condiciones sociopolíticas"]
[{"$nulls":19},"9312 - Relaciones internacionales"]
[{"$nulls":19},"9313 - Ayuda y asistencia humanitaria"]
[{"$nulls":19},"9314 - Servicios comunitarios y sociales"]
[{"$nulls":19},"9315 - Servicios de administración y financiación pública"]
[{"$nulls":19},"9316 - Tributación"]
[{"$nulls":19},"9317 - Política y regulación comercial"]
[{"$nulls":19},"9410 - Organizaciones laborales"]
[{"$nulls":19},"9411 - Organizaciones religiosas"]
[{"$nulls":19},"9412 - Clubes"]
[{"$nulls":19},"9413 - Organizaciones, asociaciones y movimientos cívicos"]

{"sheet":"Hoja2","index":1,"n_rows":0,"n_cols":0,"rows_kept":0}